{"text_format":"3","workbook":"xlsx","n_sheets":1,"sheets":["relatorio"],"not_rendered":{"images":1},"read":"whole","date_system":"1900"}

{"sheet":"relatorio","index":0,"n_rows":1641,"n_cols":10,"rows_kept":1641,"merged":[[0,0,0,9],[1,0,1,9],[2,0,2,9],[4,0,4,9],[5,0,5,9],[7,0,7,9],[8,0,8,2],[8,3,8,5],[8,6,8,9],[9,0,9,9],[10,0,10,9],[11,0,11,9],[12,0,12,6],[12,7,12,9],[13,0,13,1],[13,2,13,3],[13,4,13,6],[13,7,13,9],[14,0,14,9],[17,0,17,8],[18,0,18,9],[19,0,19,4],[20,0,20,2],[21,0,21,2],[21,3,27,3],[22,0,22,2],[23,0,23,2],[24,0,24,2],[25,0,25,2],[26,0,26,2],[27,0,27,2],[28,0,28,2],[28,3,29,3],[29,0,29,2],[30,0,30,9],[31,0,31,9],[32,0,32,9],[33,0,33,2],[33,3,33,5],[33,6,33,9],[34,0,34,9],[35,0,35,9],[36,0,36,9],[37,0,37,6],[37,7,37,9],[38,0,38,1],[38,2,38,3],[38,4,38,6],[38,7,38,9],[39,0,39,9],[43,0,43,8],[44,0,44,9],[45,0,45,4],[46,0,46,2],[47,0,47,2],[47,3,53,3],[48,0,48,2],[49,0,49,2],[50,0,50,2],[51,0,51,2],[52,0,52,2],[53,0,53,2],[54,0,54,2],[54,3,55,3],[55,0,55,2],[56,0,56,9],[57,0,57,9],[58,0,58,9],[59,0,59,2],[59,3,59,5],[59,6,59,9],[60,0,60,9],[61,0,61,9],[62,0,62,9],[63,0,63,6],[63,7,63,9],[64,0,64,1],[64,2,64,3],[64,4,64,6],[64,7,64,9],[65,0,65,9],[69,0,69,8],[70,0,70,9],[71,0,71,4],[72,0,72,2],[73,0,73,2],[73,3,79,3],[74,0,74,2],[75,0,75,2],[76,0,76,2],[77,0,77,2],[78,0,78,2],[79,0,79,2],[80,0,80,2],[80,3,81,3],[81,0,81,2],[82,0,82,9],[83,0,83,9],[84,0,84,9],[85,0,85,2],[85,3,85,5],[85,6,85,9],[86,0,86,9],[87,0,87,9],[88,0,88,9],[89,0,89,6],[89,7,89,9],[90,0,90,1],[90,2,90,3],[90,4,90,6],[90,7,90,9],[91,0,91,9],[95,0,95,8],[96,0,96,9],[102,0,102,8],[103,0,103,9],[104,0,104,4],[105,0,105,2],[106,0,106,2],[106,3,112,3],[107,0,107,2],[108,0,108,2],[109,0,109,2],[110,0,110,2],[111,0,111,2],[112,0,112,2],[113,0,113,2],[113,3,114,3],[114,0,114,2],[115,0,115,9],[116,0,116,9],[117,0,117,9],[118,0,118,2],[118,3,118,5],[118,6,118,9],[119,0,119,9],[120,0,120,9],[121,0,121,9],[122,0,122,6],[122,7,122,9],[123,0,123,1],[123,2,123,3],[123,4,123,6],[123,7,123,9],[124,0,124,9],[134,0,134,8],[135,0,135,9],[206,0,206,8],[207,0,207,9],[210,0,210,8],[211,0,211,9],[212,0,212,4],[213,0,213,2],[214,0,214,2],[214,3,220,3],[215,0,215,2],[216,0,216,2],[217,0,217,2],[218,0,218,2],[219,0,219,2],[220,0,220,2],[221,0,221,2],[221,3,222,3],[222,0,222,2],[223,0,223,9],[224,0,224,9],[225,0,225,9],[226,0,226,2],[226,3,226,5],[226,6,226,9],[227,0,227,9],[228,0,228,9],[229,0,229,9],[230,0,230,6],[230,7,230,9],[231,0,231,1],[231,2,231,3],[231,4,231,6],[231,7,231,9],[232,0,232,9],[239,0,239,8],[240,0,240,9],[273,0,273,8],[274,0,274,9],[275,0,275,4],[276,0,276,2],[277,0,277,2],[277,3,283,3],[278,0,278,2],[279,0,279,2],[280,0,280,2],[281,0,281,2],[282,0,282,2],[283,0,283,2],[284,0,284,2],[284,3,285,3],[285,0,285,2],[286,0,286,9],[287,0,287,9],[288,0,288,9],[289,0,289,2],[289,3,289,5],[289,6,289,9],[290,0,290,9],[291,0,291,9],[292,0,292,9],[293,0,293,6],[293,7,293,9],[294,0,294,1],[294,2,294,3],[294,4,294,6],[294,7,294,9],[295,0,295,9],[298,0,298,8],[299,0,299,9],[302,0,302,8],[303,0,303,9],[304,0,304,4],[305,0,305,2],[306,0,306,2],[306,3,312,3],[307,0,307,2],[308,0,308,2],[309,0,309,2],[310,0,310,2],[311,0,311,2],[312,0,312,2],[313,0,313,2],[313,3,314,3],[314,0,314,2],[315,0,315,9],[316,0,316,9],[317,0,317,9],[318,0,318,9],[319,0,319,2],[319,3,319,5],[319,6,319,9],[320,0,320,9],[321,0,321,9],[322,0,322,9],[323,0,323,6],[323,7,323,9],[324,0,324,1],[324,2,324,3],[324,4,324,6],[324,7,324,9],[325,0,325,9],[329,0,329,8],[330,0,330,9],[336,0,336,8],[337,0,337,9],[338,0,338,4],[339,0,339,2],[340,0,340,2],[340,3,346,3],[341,0,341,2],[342,0,342,2],[343,0,343,2],[344,0,344,2],[345,0,345,2],[346,0,346,2],[347,0,347,2],[347,3,348,3],[348,0,348,2],[349,0,349,9],[350,0,350,9],[351,0,351,9],[352,0,352,2],[352,3,352,5],[352,6,352,9],[353,0,353,9],[354,0,354,9],[355,0,355,9],[356,0,356,6],[356,7,356,9],[357,0,357,1],[357,2,357,3],[357,4,357,6],[357,7,357,9],[358,0,358,9],[362,0,362,8],[363,0,363,9],[369,0,369,8],[370,0,370,9],[373,0,373,8],[374,0,374,9],[375,0,375,4],[376,0,376,2],[377,0,377,2],[377,3,383,3],[378,0,378,2],[379,0,379,2],[380,0,380,2],[381,0,381,2],[382,0,382,2],[383,0,383,2],[384,0,384,2],[384,3,385,3],[385,0,385,2],[386,0,386,9],[387,0,387,9],[388,0,388,9],[389,0,389,2],[389,3,389,5],[389,6,389,9],[390,0,390,9],[391,0,391,9],[392,0,392,9],[393,0,393,6],[393,7,393,9],[394,0,394,1],[394,2,394,3],[394,4,394,6],[394,7,394,9],[395,0,395,9],[399,0,399,8],[400,0,400,9],[404,0,404,8],[405,0,405,9],[406,0,406,4],[407,0,407,2],[408,0,408,2],[408,3,414,3],[409,0,409,2],[410,0,410,2],[411,0,411,2],[412,0,412,2],[413,0,413,2],[414,0,414,2],[415,0,415,2],[415,3,416,3],[416,0,416,2],[417,0,417,9],[418,0,418,9],[419,0,419,9],[420,0,420,2],[420,3,420,5],[420,6,420,9],[421,0,421,9],[422,0,422,9],[423,0,423,9],[424,0,424,6],[424,7,424,9],[425,0,425,1],[425,2,425,3],[425,4,425,6],[425,7,425,9],[426,0,426,9],[430,0,430,8],[431,0,431,9],[437,0,437,8],[438,0,438,9],[439,0,439,4],[440,0,440,2],[441,0,441,2],[441,3,447,3],[442,0,442,2],[443,0,443,2],[444,0,444,2],[445,0,445,2],[446,0,446,2],[447,0,447,2],[448,0,448,2],[448,3,449,3],[449,0,449,2],[450,0,450,9],[451,0,451,9],[452,0,452,9],[453,0,453,2],[453,3,453,5],[453,6,453,9],[454,0,454,9],[455,0,455,9],[456,0,456,9],[457,0,457,6],[457,7,457,9],[458,0,458,1],[458,2,458,3],[458,4,458,6],[458,7,458,9],[459,0,459,9],[463,0,463,8],[464,0,464,9],[472,0,472,8],[473,0,473,9],[474,0,474,4],[475,0,475,2],[476,0,476,2],[476,3,482,3],[477,0,477,2],[478,0,478,2],[479,0,479,2],[480,0,480,2],[481,0,481,2],[482,0,482,2],[483,0,483,2],[483,3,484,3],[484,0,484,2],[485,0,485,9],[486,0,486,9],[487,0,487,4],[488,0,488,4],[489,0,489,9],[490,0,490,9],[491,0,491,9],[492,0,492,9],[493,0,493,2],[493,3,493,5],[493,6,493,9],[494,0,494,9],[495,0,495,9],[496,0,496,9],[497,0,497,6],[497,7,497,9],[498,0,498,1],[498,2,498,3],[498,4,498,6],[498,7,498,9],[499,0,499,9],[503,0,503,8],[504,0,504,9],[515,0,515,8],[516,0,516,9],[517,0,517,4],[518,0,518,2],[519,0,519,2],[519,3,525,3],[520,0,520,2],[521,0,521,2],[522,0,522,2],[523,0,523,2],[524,0,524,2],[525,0,525,2],[526,0,526,2],[526,3,527,3],[527,0,527,2],[528,0,528,9],[529,0,529,9],[530,0,530,4],[531,0,531,4],[532,0,532,9],[533,0,533,9],[534,0,534,9],[535,0,535,2],[535,3,535,5],[535,6,535,9],[536,0,536,9],[537,0,537,9],[538,0,538,9],[539,0,539,6],[539,7,539,9],[540,0,540,1],[540,2,540,3],[540,4,540,6],[540,7,540,9],[541,0,541,9],[545,0,545,8],[546,0,546,9],[551,0,551,8],[552,0,552,9],[553,0,553,4],[554,0,554,2],[555,0,555,2],[555,3,561,3],[556,0,556,2],[557,0,557,2],[558,0,558,2],[559,0,559,2],[560,0,560,2],[561,0,561,2],[562,0,562,2],[562,3,563,3],[563,0,563,2],[564,0,564,9],[565,0,565,9],[566,0,566,9],[567,0,567,2],[567,3,567,5],[567,6,567,9],[568,0,568,9],[569,0,569,9],[570,0,570,9],[571,0,571,6],[571,7,571,9],[572,0,572,1],[572,2,572,3],[572,4,572,6],[572,7,572,9],[573,0,573,9],[578,0,578,8],[579,0,579,9],[585,0,585,8],[586,0,586,9],[587,0,587,4],[588,0,588,2],[589,0,589,2],[589,3,595,3],[590,0,590,2],[591,0,591,2],[592,0,592,2],[593,0,593,2],[594,0,594,2],[595,0,595,2],[596,0,596,2],[596,3,597,3],[597,0,597,2],[598,0,598,9],[599,0,599,9],[600,0,600,9],[601,0,601,9],[602,0,602,2],[602,3,602,5],[602,6,602,9],[603,0,603,9],[604,0,604,9],[605,0,605,9],[606,0,606,6],[606,7,606,9],[607,0,607,1],[607,2,607,3],[607,4,607,6],[607,7,607,9],[608,0,608,9],[612,0,612,8],[613,0,613,9],[617,0,617,8],[618,0,618,9],[619,0,619,4],[620,0,620,2],[621,0,621,2],[621,3,627,3],[622,0,622,2],[623,0,623,2],[624,0,624,2],[625,0,625,2],[626,0,626,2],[627,0,627,2],[628,0,628,2],[628,3,629,3],[629,0,629,2],[630,0,630,9],[631,0,631,9],[632,0,632,9],[633,0,633,2],[633,3,633,5],[633,6,633,9],[634,0,634,9],[635,0,635,9],[636,0,636,9],[637,0,637,6],[637,7,637,9],[638,0,638,1],[638,2,638,3],[638,4,638,6],[638,7,638,9],[639,0,639,9],[643,0,643,8],[644,0,644,9],[648,0,648,8],[649,0,649,9],[650,0,650,4],[651,0,651,2],[652,0,652,2],[652,3,658,3],[653,0,653,2],[654,0,654,2],[655,0,655,2],[656,0,656,2],[657,0,657,2],[658,0,658,2],[659,0,659,2],[659,3,660,3],[660,0,660,2],[661,0,661,9],[662,0,662,9],[663,0,663,9],[664,0,664,2],[664,3,664,5],[664,6,664,9],[665,0,665,9],[666,0,666,9],[667,0,667,9],[668,0,668,6],[668,7,668,9],[669,0,669,1],[669,2,669,3],[669,4,669,6],[669,7,669,9],[670,0,670,9],[674,0,674,8],[675,0,675,9],[679,0,679,8],[680,0,680,9],[681,0,681,4],[682,0,682,2],[683,0,683,2],[683,3,689,3],[684,0,684,2],[685,0,685,2],[686,0,686,2],[687,0,687,2],[688,0,688,2],[689,0,689,2],[690,0,690,2],[690,3,691,3],[691,0,691,2],[692,0,692,9],[693,0,693,9],[694,0,694,9],[695,0,695,2],[695,3,695,5],[695,6,695,9],[696,0,696,9],[697,0,697,9],[698,0,698,9],[699,0,699,6],[699,7,699,9],[700,0,700,1],[700,2,700,3],[700,4,700,6],[700,7,700,9],[701,0,701,9],[704,0,704,8],[705,0,705,9],[706,0,706,4],[707,0,707,2],[708,0,708,2],[708,3,714,3],[709,0,709,2],[710,0,710,2],[711,0,711,2],[712,0,712,2],[713,0,713,2],[714,0,714,2],[715,0,715,2],[715,3,716,3],[716,0,716,2],[717,0,717,9],[718,0,718,9],[719,0,719,9],[720,0,720,2],[720,3,720,5],[720,6,720,9],[721,0,721,9],[722,0,722,9],[723,0,723,9],[724,0,724,6],[724,7,724,9],[725,0,725,1],[725,2,725,3],[725,4,725,6],[725,7,725,9],[726,0,726,9],[729,0,729,8],[730,0,730,9],[731,0,731,4],[732,0,732,2],[733,0,733,2],[733,3,739,3],[734,0,734,2],[735,0,735,2],[736,0,736,2],[737,0,737,2],[738,0,738,2],[739,0,739,2],[740,0,740,2],[740,3,741,3],[741,0,741,2],[742,0,742,9],[743,0,743,9],[744,0,744,9],[745,0,745,2],[745,3,745,5],[745,6,745,9],[746,0,746,9],[747,0,747,9],[748,0,748,9],[749,0,749,6],[749,7,749,9],[750,0,750,1],[750,2,750,3],[750,4,750,6],[750,7,750,9],[751,0,751,9],[755,0,755,8],[756,0,756,9],[760,0,760,8],[761,0,761,9],[762,0,762,4],[763,0,763,2],[764,0,764,2],[764,3,770,3],[765,0,765,2],[766,0,766,2],[767,0,767,2],[768,0,768,2],[769,0,769,2],[770,0,770,2],[771,0,771,2],[771,3,772,3],[772,0,772,2],[773,0,773,9],[774,0,774,9],[775,0,775,9],[776,0,776,2],[776,3,776,5],[776,6,776,9],[777,0,777,9],[778,0,778,9],[779,0,779,9],[780,0,780,6],[780,7,780,9],[781,0,781,1],[781,2,781,3],[781,4,781,6],[781,7,781,9],[782,0,782,9],[786,0,786,8],[787,0,787,9],[792,0,792,8],[793,0,793,9],[794,0,794,4],[795,0,795,2],[796,0,796,2],[796,3,802,3],[797,0,797,2],[798,0,798,2],[799,0,799,2],[800,0,800,2],[801,0,801,2],[802,0,802,2],[803,0,803,2],[803,3,804,3],[804,0,804,2],[805,0,805,9],[806,0,806,9],[807,0,807,9],[808,0,808,2],[808,3,808,5],[808,6,808,9],[809,0,809,9],[810,0,810,9],[811,0,811,9],[812,0,812,6],[812,7,812,9],[813,0,813,1],[813,2,813,3],[813,4,813,6],[813,7,813,9],[814,0,814,9],[818,0,818,8],[819,0,819,9],[824,0,824,8],[825,0,825,9],[826,0,826,4],[827,0,827,2],[828,0,828,2],[828,3,834,3],[829,0,829,2],[830,0,830,2],[831,0,831,2],[832,0,832,2],[833,0,833,2],[834,0,834,2],[835,0,835,2],[835,3,836,3],[836,0,836,2],[837,0,837,9],[838,0,838,9],[839,0,839,9],[840,0,840,9],[841,0,841,2],[841,3,841,5],[841,6,841,9],[842,0,842,9],[843,0,843,9],[844,0,844,9],[845,0,845,6],[845,7,845,9],[846,0,846,1],[846,2,846,3],[846,4,846,6],[846,7,846,9],[847,0,847,9],[851,0,851,8],[852,0,852,9],[857,0,857,8],[858,0,858,9],[859,0,859,4],[860,0,860,2],[861,0,861,2],[861,3,867,3],[862,0,862,2],[863,0,863,2],[864,0,864,2],[865,0,865,2],[866,0,866,2],[867,0,867,2],[868,0,868,2],[868,3,869,3],[869,0,869,2],[870,0,870,9],[871,0,871,9],[872,0,872,9],[873,0,873,2],[873,3,873,5],[873,6,873,9],[874,0,874,9],[875,0,875,9],[876,0,876,9],[877,0,877,6],[877,7,877,9],[878,0,878,1],[878,2,878,3],[878,4,878,6],[878,7,878,9],[879,0,879,9],[883,0,883,8],[884,0,884,9],[889,0,889,8],[890,0,890,9],[891,0,891,4],[892,0,892,2],[893,0,893,2],[893,3,899,3],[894,0,894,2],[895,0,895,2],[896,0,896,2],[897,0,897,2],[898,0,898,2],[899,0,899,2],[900,0,900,2],[900,3,901,3],[901,0,901,2],[902,0,902,9],[903,0,903,9],[904,0,904,9],[905,0,905,2],[905,3,905,5],[905,6,905,9],[906,0,906,9],[907,0,907,9],[908,0,908,9],[909,0,909,6],[909,7,909,9],[910,0,910,1],[910,2,910,3],[910,4,910,6],[910,7,910,9],[911,0,911,9],[915,0,915,8],[916,0,916,9],[922,0,922,8],[923,0,923,9],[924,0,924,4],[925,0,925,2],[926,0,926,2],[926,3,932,3],[927,0,927,2],[928,0,928,2],[929,0,929,2],[930,0,930,2],[931,0,931,2],[932,0,932,2],[933,0,933,2],[933,3,934,3],[934,0,934,2],[935,0,935,9],[936,0,936,9],[937,0,937,9],[938,0,938,2],[938,3,938,5],[938,6,938,9],[939,0,939,9],[940,0,940,9],[941,0,941,9],[942,0,942,6],[942,7,942,9],[943,0,943,1],[943,2,943,3],[943,4,943,6],[943,7,943,9],[944,0,944,9],[948,0,948,8],[949,0,949,9],[954,0,954,8],[955,0,955,9],[956,0,956,4],[957,0,957,2],[958,0,958,2],[958,3,964,3],[959,0,959,2],[960,0,960,2],[961,0,961,2],[962,0,962,2],[963,0,963,2],[964,0,964,2],[965,0,965,2],[965,3,966,3],[966,0,966,2],[967,0,967,9],[968,0,968,9],[969,0,969,9],[970,0,970,2],[970,3,970,5],[970,6,970,9],[971,0,971,9],[972,0,972,9],[973,0,973,9],[974,0,974,6],[974,7,974,9],[975,0,975,1],[975,2,975,3],[975,4,975,6],[975,7,975,9],[976,0,976,9],[980,0,980,8],[981,0,981,9],[985,0,985,8],[986,0,986,9],[987,0,987,4],[988,0,988,2],[989,0,989,2],[989,3,995,3],[990,0,990,2],[991,0,991,2],[992,0,992,2],[993,0,993,2],[994,0,994,2],[995,0,995,2],[996,0,996,2],[996,3,997,3],[997,0,997,2],[998,0,998,9],[999,0,999,9],[1000,0,1000,9],[1001,0,1001,2],[1001,3,1001,5],[1001,6,1001,9],[1002,0,1002,9],[1003,0,1003,9],[1004,0,1004,9],[1005,0,1005,6],[1005,7,1005,9],[1006,0,1006,1],[1006,2,1006,3],[1006,4,1006,6],[1006,7,1006,9],[1007,0,1007,9],[1011,0,1011,8],[1012,0,1012,9],[1018,0,1018,8],[1019,0,1019,9],[1020,0,1020,4],[1021,0,1021,2],[1022,0,1022,2],[1022,3,1028,3],[1023,0,1023,2],[1024,0,1024,2],[1025,0,1025,2],[1026,0,1026,2],[1027,0,1027,2],[1028,0,1028,2],[1029,0,1029,2],[1029,3,1030,3],[1030,0,1030,2],[1031,0,1031,9],[1032,0,1032,9],[1033,0,1033,9],[1034,0,1034,2],[1034,3,1034,5],[1034,6,1034,9],[1035,0,1035,9],[1036,0,1036,9],[1037,0,1037,9],[1038,0,1038,6],[1038,7,1038,9],[1039,0,1039,1],[1039,2,1039,3],[1039,4,1039,6],[1039,7,1039,9],[1040,0,1040,9],[1044,0,1044,8],[1045,0,1045,9],[1048,0,1048,8],[1049,0,1049,9],[1050,0,1050,4],[1051,0,1051,2],[1052,0,1052,2],[1052,3,1058,3],[1053,0,1053,2],[1054,0,1054,2],[1055,0,1055,2],[1056,0,1056,2],[1057,0,1057,2],[1058,0,1058,2],[1059,0,1059,2],[1059,3,1060,3],[1060,0,1060,2],[1061,0,1061,9]],"merged_total":1601,"flags":["merged_cut"]}
["PREFEITURA MUNICIPAL DE JOÃO NEIVA"]
["OBRA: REFORMA DE TELHADO  DA EMEF PROF.ª MARIA OLÍRIA SARCINELLI CAMPAGNARO"]
["TABELA DE REFERÊNCIA - DER-ES JAN/2021"]
[]
["RELATÓRIO DE COMPOSIÇÃO DE PREÇOS UNITÁRIOS"]
[]
[]
["Orçamento: 1028201 - TABELA CUSTOS LABOR/CT-UFES PADRÃO DER JANEIRO/2021(LS=157,27; BDI=0%)"]
["Órgão Cliente: DER-ES",null,null,"Órgão Gerente: DER-ES",null,null,"Data Base: Janeiro/2021"]
[]
["Planilha: 1 - TABELA CUSTOS LABOR/CT-UFES PADRÃO DER JANEIRO/2021(LS=157,27; BDI=0%)"]
[]
["Item: 010210 - Demolição manual de concreto simples (EMOP 05.001.001)",{"$nulls":6},"Unidade: m3"]
["Base: LABOR",null,"Código Base: '010210",null,"Fonte: LABOR",null,null,"Versão: 1"]
[]
["MÃO DE OBRA","Unid","Código","Coefic.","C. Prod.","Pr. Prod.","Pr. Improd.","Pr. Unit.","Fator Ac.","Subtotal"]
["SERVENTE (AUXILIAR DE OBRAS - SINDUSCON) (LABOR)","H","'010146",16,1,5.1,0,13.12,"-",209.92]
["SubTotal:",{"$nulls":8},209.92]
[]
["RESUMO"]
["DISCRIMINAÇÃO",null,null,"TAXA(%)","VALORES"]
["Mão-de-Obra(A)",null,null,157.27,209.92]
["Materiais(B)",{"$nulls":3},0]
["Equipamentos(C)",{"$nulls":3},0]
["Produção da Equipe(D)",{"$nulls":3},1]
["Custo Horário Total(A+C)",{"$nulls":3},209.92]
["Custo Unitário da Execução[(A/D)+(C/D)] = E",{"$nulls":3},209.92]
["Custo Direto Total(B+E)",{"$nulls":3},209.92]
["Bonificações e Despesas Indiretas - BDI",null,null,0,0]
["CUSTO UNITÁRIO (Adotado)",{"$nulls":3},209.92]
[]
[]
["Orçamento: 1028201 - TABELA CUSTOS LABOR/CT-UFES PADRÃO DER JANEIRO/2021(LS=157,27; BDI=0%)"]
["Órgão Cliente: DER-ES",null,null,"Órgão Gerente: DER-ES",null,null,"Data Base: Janeiro/2021"]
[]
["Planilha: 1 - TABELA CUSTOS LABOR/CT-UFES PADRÃO DER JANEIRO/2021(LS=157,27; BDI=0%)"]
[]
["Item: 010256 - Remoção de telha ondulada de fibrocimento, inclusive cumeeira",{"$nulls":6},"Unidade: m2"]
["Base: LABOR",null,"Código Base: '010256",null,"Fonte: LABOR",null,null,"Versão: 1"]
[]
["MÃO DE OBRA","Unid","Código","Coefic.","C. Prod.","Pr. Prod.","Pr. Improd.","Pr. Unit.","Fator Ac.","Subtotal"]
["SERVENTE (AUXILIAR DE OBRAS - SINDUSCON) (LABOR)","H","'010146",0.19,1,5.1,0,13.12,"-",2.493]
["TELHADISTA - (OFICIAL - SINDUSCON) (LABOR)","H","'010150",0.18,1,6.94,0,17.85,"-",3.213]
["SubTotal:",{"$nulls":8},5.71]
[]
["RESUMO"]
["DISCRIMINAÇÃO",null,null,"TAXA(%)","VALORES"]
["Mão-de-Obra(A)",null,null,157.27,5.71]
["Materiais(B)",{"$nulls":3},0]
["Equipamentos(C)",{"$nulls":3},0]
["Produção da Equipe(D)",{"$nulls":3},1]
["Custo Horário Total(A+C)",{"$nulls":3},5.71]
["Custo Unitário da Execução[(A/D)+(C/D)] = E",{"$nulls":3},5.71]
["Custo Direto Total(B+E)",{"$nulls":3},5.71]
["Bonificações e Despesas Indiretas - BDI",null,null,0,0]
["CUSTO UNITÁRIO (Adotado)",{"$nulls":3},5.71]
[]
[]
["Orçamento: 1028201 - TABELA CUSTOS LABOR/CT-UFES PADRÃO DER JANEIRO/2021(LS=157,27; BDI=0%)"]
["Órgão Cliente: DER-ES",null,null,"Órgão Gerente: DER-ES",null,null,"Data Base: Janeiro/2021"]
[]
["Planilha: 1 - TABELA CUSTOS LABOR/CT-UFES PADRÃO DER JANEIRO/2021(LS=157,27; BDI=0%)"]
[]
["Item: 010325 - Demolição de estrutura de madeira para telhado",{"$nulls":6},"Unidade: m2"]
["Base: LABOR",null,"Código Base: '010325",null,"Fonte: LABOR",null,null,"Versão: 1"]
[]
["MÃO DE OBRA","Unid","Código","Coefic.","C. Prod.","Pr. Prod.","Pr. Improd.","Pr. Unit.","Fator Ac.","Subtotal"]
["AJUDANTE (AJUDANTE PRATICO - SINDUSCON) (LABOR)","H","'010101",1.3,1,5.86,0,15.08,"-",19.604]
["CARPINTEIRO (OFICIAL - SINDUSCON) (LABOR)","H","'010111",0.13,1,6.94,0,17.85,"-",2.321]
["SubTotal:",{"$nulls":8},21.92]
[]
["RESUMO"]
["DISCRIMINAÇÃO",null,null,"TAXA(%)","VALORES"]
["Mão-de-Obra(A)",null,null,157.27,21.93]
["Materiais(B)",{"$nulls":3},0]
["Equipamentos(C)",{"$nulls":3},0]
["Produção da Equipe(D)",{"$nulls":3},1]
["Custo Horário Total(A+C)",{"$nulls":3},21.93]
["Custo Unitário da Execução[(A/D)+(C/D)] = E",{"$nulls":3},21.93]
["Custo Direto Total(B+E)",{"$nulls":3},21.93]
["Bonificações e Despesas Indiretas - BDI",null,null,0,0]
["CUSTO UNITÁRIO (Adotado)",{"$nulls":3},21.93]
[]
[]
["Orçamento: 1028201 - TABELA CUSTOS LABOR/CT-UFES PADRÃO DER JANEIRO/2021(LS=157,27; BDI=0%)"]
["Órgão Cliente: DER-ES",null,null,"Órgão Gerente: DER-ES",null,null,"Data Base: Janeiro/2021"]
[]
["Planilha: 1 - TABELA CUSTOS LABOR/CT-UFES PADRÃO DER JANEIRO/2021(LS=157,27; BDI=0%)"]
[]
["Item: 020305 - Placa de obra nas dimensões de 2.0 x 4.0 m, padrão IOPES",{"$nulls":6},"Unidade: m2"]
["Base: LABOR",null,"Código Base: '020305",null,"Fonte: LABOR",null,null,"Versão: 2"]
[]
["MÃO DE OBRA","Unid","Código","Coefic.","C. Prod.","Pr. Prod.","Pr. Improd.","Pr. Unit.","Fator Ac.","Subtotal"]
["CARPINTEIRO (OFICIAL - SINDUSCON) (LABOR)","H","'010111",0.5,1,6.94,0,17.85,"-",8.925]
["SERVENTE (AUXILIAR DE OBRAS - SINDUSCON) (LABOR)","H","'010146",0.5,1,5.1,0,13.12,"-",6.56]
["SubTotal:",{"$nulls":8},15.48]
[]
["MATERIAL","Unid","Código","Coefic.","C. Prod.","Pr. Prod.","Pr. Improd.","Pr. Unit.","Fator Ac.","Subtotal"]
["SARRAFO DE MADEIRA PINUS 10 X 2.5CM (LABOR)","M","'020985",0.25,1,5.39,0,5.39,"-",1.348]
["PONTALETE DE MADEIRA BRUTA DE 3ª 8.0 X 8.0 CM (LABOR)","M","'021009",1.5,1,5.02,0,5.02,"-",7.53]
["PREGO 18X27 (LABOR)","KG","'026569",0.125,1,8.78,0,8.78,"-",1.098]
["PLACA DE OBRA - ADESIVADA COM IMPRESSÃO DIGITAL (LABOR)","M2","'039002",1,1,217.08,0,217.08,"-",217.08]
["SubTotal:",{"$nulls":8},227.06]
[]
["RESUMO"]
["DISCRIMINAÇÃO",null,null,"TAXA(%)","VALORES"]
["Mão-de-Obra(A)",null,null,157.27,15.49]
["Materiais(B)",{"$nulls":3},227.06]
["Equipamentos(C)",{"$nulls":3},0]
["Produção da Equipe(D)",{"$nulls":3},1]
["Custo Horário Total(A+C)",{"$nulls":3},15.49]
["Custo Unitário da Execução[(A/D)+(C/D)] = E",{"$nulls":3},15.49]
["Custo Direto Total(B+E)",{"$nulls":3},242.55]
["Bonificações e Despesas Indiretas - BDI",null,null,0,0]
["CUSTO UNITÁRIO (Adotado)",{"$nulls":3},242.55]
[]
[]
["Orçamento: 1028201 - TABELA CUSTOS LABOR/CT-UFES PADRÃO DER JANEIRO/2021(LS=157,27; BDI=0%)"]
["Órgão Cliente: DER-ES",null,null,"Órgão Gerente: DER-ES",null,null,"Data Base: Janeiro/2021"]
[]
["Planilha: 1 - TABELA CUSTOS LABOR/CT-UFES PADRÃO DER JANEIRO/2021(LS=157,27; BDI=0%)"]
[]
["Item: 020701 - Barracão para escritório com sanitário área de 14.50 m2, de chapa de compens. 12mm e pontalete 8x8cm, piso cimentado e cobertura de telha de fibroc. 6mm, incl. ponto de luz e cx. de inspeção, conf. projeto (1 utilização)",{"$nulls":6},"Unidade: m2"]
["Base: LABOR",null,"Código Base: '020701",null,"Fonte: LABOR",null,null,"Versão: 5"]
[]
["MÃO DE OBRA","Unid","Código","Coefic.","C. Prod.","Pr. Prod.","Pr. Improd.","Pr. Unit.","Fator Ac.","Subtotal"]
["CARPINTEIRO (OFICIAL - SINDUSCON) (LABOR)","H","'010111",1.63034,1,6.94,0,17.85,"-",29.102]
["ELETRICISTA (OFICIAL - SINDUSCON) (LABOR)","H","'010115",1.1244,1,6.94,0,17.85,"-",20.071]
["ENCANADOR - (OFICIAL - SINDUSCON) (LABOR)","H","'010118",1.30934,1,6.94,0,17.85,"-",23.372]
["ARMADOR (OFICIAL - SINDUSCON) (LABOR)","H","'010121",0.009604,1,6.94,0,17.85,"-",0.171]
["PEDREIRO - (OFICIAL - SINDUSCON) (LABOR)","H","'010139",0.39792,1,6.94,0,17.85,"-",7.103]
["PINTOR -(OFICIAL - SINDUSCON) (LABOR)","H","'010140",1.8656,1,6.94,0,17.85,"-",33.301]
["SERVENTE (AUXILIAR DE OBRAS - SINDUSCON) (LABOR)","H","'010146",7.380554,1,5.1,0,13.12,"-",96.833]
["TELHADISTA - (OFICIAL - SINDUSCON) (LABOR)","H","'010150",0.31784,1,6.94,0,17.85,"-",5.673]
["SubTotal:",{"$nulls":8},215.63]
[]
["MATERIAL","Unid","Código","Coefic.","C. Prod.","Pr. Prod.","Pr. Improd.","Pr. Unit.","Fator Ac.","Subtotal"]
["AREIA LAVADA MEDIA (LABOR)","M3","'020503",0.04825,1,71.67,0,71.67,"-",3.458]
["CAL HIDRATADO P/ ARGAMASSA CH III (LABOR)","KG","'020505",1.695076,1,0.78,0,0.78,"-",1.322]
["CIMENTO PORTLAND CP III - 40 (LABOR)","KG","'020508",8.535345,1,0.43,0,0.43,"-",3.67]
["BRITA 1 (LABOR)","M3","'020517",0.001362,1,90.03,0,90.03,"-",0.123]
["BRITA 2 (LABOR)","M3","'020518",3.186E-3,1,90.03,0,90.03,"-",0.287]
["BRITA 3 (LABOR)","M3","'020519",0.06,1,90.03,0,90.03,"-",5.402]
["SARRAFO DE MADEIRA PINUS 10 X 2.5CM (LABOR)","M","'020985",0.0049,1,5.39,0,5.39,"-",0.026]
["TABUA DE MADEIRA PINUS 30 X 2.5 CM (TAIPA DE 1ª) (LABOR)","M2","'020987",0.0098,1,32.53,0,32.53,"-",0.319]
["PONTALETE DE MADEIRA BRUTA DE 3ª 8.0 X 8.0 CM (LABOR)","M","'021009",6.59,1,5.02,0,5.02,"-",33.082]
["CHAPA COMPENSADA RESINADA ESP. 12MM (LABOR)","M2","'021032",3,1,22.55,0,22.55,"-",67.65]
["ACO CA-50 DE 8.0MM (LABOR)","KG","'021517",0.138058,1,7.34,0,7.34,"-",1.013]
["BLOCO DE CONCRETO 9 X 19 X 39CM - VEDACAO (LABOR)","UN","'022502",2.57348,1,1.93,0,1.93,"-",4.967]
["BLOCO CERÂMICO 10 FUROS 09X19X19CM - DA FABRICA (LABOR)","UN","'022586",0.275,1,0.7,0,0.7,"-",0.193]
["ADITIVO SIKA 1 (LABOR)","KG","'024015",0.084,1,5.59,0,5.59,"-",0.47]
["TELHA FIBROCIMENTO ONDULADA DE 6MM (LABOR)","M2","'025513",1.5755,1,27.07,0,27.07,"-",42.649]
["CONJUNTO VEDACAO ELASTICA (LABOR)","UN","'026503",1.9454,1,0.58,0,0.58,"-",1.128]
["PARAFUSO COM ROSCA SOBERBA 8X110MM (LABOR)","UN","'026517",1.9454,1,1.04,0,1.04,"-",2.023]
["BUCHA PLASTICA COM PARAFUSO - 8MM (LABOR)","UN","'026548",0.82,1,0.27,0,0.27,"-",0.221]
["BUCHA PLASTICA 8MM (LABOR)","UN","'026549",0.28,1,0.1,0,0.1,"-",0.028]
["PARAFUSO CROMADO P/FIXACAO SANITARIOS (LABOR)","UN","'026550",0.28,1,8.17,0,8.17,"-",2.288]
["PREGO - PRECO MEDIO DAS BITOLAS (LABOR)","KG","'026560",0.277,1,9.58,0,9.58,"-",2.654]
["PREGO 18X27 (LABOR)","KG","'026569",1.47E-3,1,8.78,0,8.78,"-",0.013]
["ARAME RECOZIDO N.18 BWG (LABOR)","KG","'027010",0.002401,1,8.4,0,8.4,"-",0.02]
["DESMOLDANTE PARA FORMAS (LABOR)","L","'028008",0.00392,1,10.66,0,10.66,"-",0.042]
["PORTA EM COMPENSADO LISA LEVE COLMEIA ESP.35MM,0.7X2.1M P/PINT. (LABOR)","UN","'030202",0.069,1,122.85,0,122.85,"-",8.477]
["TARGETA FIO REDONDO 2\" (LABOR)","UN","'031516",0.138,1,4.47,0,4.47,"-",0.617]
["FECHADURA DE SEGURANCA ALIANCA MARCA REFERENCIA (LABOR)","UN","'031518",0.69,1,63.95,0,63.95,"-",44.126]
["DOBRADICA EM LATAO CROMADO 3 X 2.1/2\" C/ PARAFUSO (LABOR)","UN","'031601",0.69,1,22.83,0,22.83,"-",15.753]
["ESMALTE SINTETICO (LABOR)","L","'037502",1.3568,1,26.72,0,26.72,"-",36.254]
["AGUARRAZ MINERAL (LABOR)","L","'038001",0.3392,1,10.21,0,10.21,"-",3.463]
["ELETRODUTO DE PVC RIGIDO 3/4\" - ROSCAVEL SEM LUVA (LABOR)","M","'042502",1.518,1,2.88,0,2.88,"-",4.372]
["CURVA DE PVC RIGIDO PARA ELETRODUTO DE 3/4\" (LABOR)","UN","'042511",0.76,1,3.13,0,3.13,"-",2.379]
["LUVA DE PVC RIGIDO PARA ELETRODUTO 3/4\" (LABOR)","UN","'042521",1.52,1,1.05,0,1.05,"-",1.596]
["CABO FLEX ISOL. TERMOPLAST. 750V - 2,50 MM2 - 70º (LABOR)","M","'043005",2.8152,1,2.1,0,2.1,"-",5.912]
["CABO FLEX ISOL. TERMOPLAST. 750V - 4,00 MM2 - 70º (LABOR)","M","'043006",2.6316,1,3.47,0,3.47,"-",9.132]
["CAIXA PVC 4 X 2\" TIGREFLEX (LABOR)","UN","'045104",0.34,1,1.54,0,1.54,"-",0.524]
["INTERRUPTOR (MODULO) 1 TECLA SIMPLES 10A/250V S/ ESPELHO (LABOR)","UN","'045501",0.14,1,9.87,0,9.87,"-",1.382]
["TOMADA (MODULO) PAD BRAS 2 P+T 20A/250V NBR 14136 S/ ESPELH (LABOR)","UN","'045519",0.14,1,15.22,0,15.22,"-",2.131]
["TOMADA (MODULO) PAD BRAS 2 P+T 10A/250V NBR 14136 S/ ESPELH (LABOR)","UN","'045520",0.14,1,12.7,0,12.7,"-",1.778]
["ESPELHO 4X2\", LINHA BRANCA (LABOR)","UN","'045525",0.42,1,5.87,0,5.87,"-",2.465]
["LAMPADA INCANDESCENTE 60W (LABOR)","UN","'046504",0.14,1,5.78,0,5.78,"-",0.809]
["CHUVEIRO ELÉTRICO EM PVC - TIPO DUCHA (LABOR)","UN","'047561",0.07,1,100.65,0,100.65,"-",7.046]
["BUCHA DE ALUMINIO FUNDIDO 3/4\" (LABOR)","UN","'048502",0.41,1,0.99,0,0.99,"-",0.406]
["ARRUELA DE ALUMINIO FUNDIDO 3/4\" (LABOR)","UN","'048516",0.41,1,0.58,0,0.58,"-",0.238]
["ABRACADEIRA TIPO \"U\" P/ FIXACAO ELETRODUTO 3/4\" (LABOR)","UN","'048534",0.41,1,0.28,0,0.28,"-",0.115]
["BOCAL PORCELANA C/ ROSCA P/ LAMPADA INCANDESCENTE (LABOR)","UN","'049505",0.14,1,3.92,0,3.92,"-",0.549]
["ADAPTADOR PVC SOLDAVEL PARA REGISTRO 25MM X 3/4\" (LABOR)","UN","'062111",0.28,1,0.68,0,0.68,"-",0.19]
["TUBO DE PVC SOLDAVEL DE 25MM (LABOR)","M","'062502",1.42107,1,2.87,0,2.87,"-",4.078]
["JOELHO 90 DE PVC SOLDAVEL DE 25MM (LABOR)","UN","'062511",0.41,1,0.68,0,0.68,"-",0.279]
["TE DE PVC SOLDAVEL DE 25MM (LABOR)","UN","'062520",0.14,1,0.87,0,0.87,"-",0.122]
["TUBO DE PVC PARA ESGOTO DE 40MM (LABOR)","M","'062530",0.3232,1,4.76,0,4.76,"-",1.538]
["TUBO DE PVC PARA ESGOTO DE 100MM (4\") (LABOR)","M","'062533",0.1919,1,10.51,0,10.51,"-",2.017]
["JOELHO 90 DE PVC P/ ESGOTO DE 40MM (LABOR)","UN","'062540",0.28,1,1.24,0,1.24,"-",0.347]
["JOELHO 90 DE PVC P/ ESGOTO DE 100MM (LABOR)","UN","'062543",0.07,1,6.23,0,6.23,"-",0.436]
["TUBO DE PVC DE 1 1/2\" P/ DESCARGA (LABOR)","UN","'062549",0.07,1,7.7,0,7.7,"-",0.539]
["REGISTRO DE GAVETA BRUTO 20MM - 3/4\" (LABOR)","UN","'063502",0.07,1,29.98,0,29.98,"-",2.099]
["REGISTRO DE PRESSAO CROMADO 3/4\" (LABOR)","UN","'063521",0.07,1,79.66,0,79.66,"-",5.576]
["VALVULA DE PVC 1\" C/ UNHO (LABOR)","UN","'064006",0.07,1,4.8,0,4.8,"-",0.336]
["ANEL DE CERA PARA BACIA SANITARIA (LABOR)","UN","'064709",0.07,1,12.4,0,12.4,"-",0.868]
["CAIXA DESCARGA PLASTICA SOBREPOR BRANCA 6/9 LITROS (LABOR)","UN","'065002",0.07,1,33.66,0,33.66,"-",2.356]
["BACIA SIFONADA DE LOUCA BRANCA (LABOR)","UN","'065502",0.07,1,123.75,0,123.75,"-",8.663]
["LAVATORIO DE LOUCA BRANCA SEM COLUNA (LABOR)","UN","'065509",0.07,1,96.26,0,96.26,"-",6.738]
["TORNEIRA EM PVC PARA LAVATORIO (LABOR)","UN","'066049",0.07,1,16.61,0,16.61,"-",1.163]
["RALO SIFONADO 100X40MM C/GRELHA PVC,AKROS MAR.REF. (LABOR)","UN","'067578",0.07,1,8.73,0,8.73,"-",0.611]
["ENGATES DE PVC (LABOR)","UN","'069505",0.07,1,4.68,0,4.68,"-",0.328]
["ASSENTO DE PLASTICO PARA VASO SANITARIO (LABOR)","UN","'069509",0.07,1,32.85,0,32.85,"-",2.3]
["FITA DE VEDACAO 18MM X 50M (LABOR)","M","'069512",0.5236,1,0.18,0,0.18,"-",0.094]
["ADESIVO PARA TUBO DE PVC RIGIDO (LABOR)","KG","'069513",0.017914,1,53.47,0,53.47,"-",0.958]
["SOLUCAO LIMPADORA PARA PVC RIGIDO (LABOR)","L","'069514",0.025965,1,36.06,0,36.06,"-",0.936]
["SubTotal:",{"$nulls":8},365.14]
[]
["EQUIPAMENTO","Unid","Código","Coefic.","C. Prod.","Pr. Prod.","Pr. Improd.","Pr. Unit.","Fator Ac.","Subtotal"]
["BETONEIRA 320 L (E301) (LABOR)","H","'080125",3.699E-3,1,29.36,13.61,29.36,"-",0.109]
["SubTotal:",{"$nulls":8},0.11]
[]
["RESUMO"]
["DISCRIMINAÇÃO",null,null,"TAXA(%)","VALORES"]
["Mão-de-Obra(A)",null,null,157.27,215.63]
["Materiais(B)",{"$nulls":3},365.14]
["Equipamentos(C)",{"$nulls":3},0.11]
["Produção da Equipe(D)",{"$nulls":3},1]
["Custo Horário Total(A+C)",{"$nulls":3},215.74]
["Custo Unitário da Execução[(A/D)+(C/D)] = E",{"$nulls":3},215.74]
["Custo Direto Total(B+E)",{"$nulls":3},580.88]
["Bonificações e Despesas Indiretas - BDI",null,null,0,0]
["CUSTO UNITÁRIO (Adotado)",{"$nulls":3},580.88]
[]
[]
["Orçamento: 1028201 - TABELA CUSTOS LABOR/CT-UFES PADRÃO DER JANEIRO/2021(LS=157,27; BDI=0%)"]
["Órgão Cliente: DER-ES",null,null,"Órgão Gerente: DER-ES",null,null,"Data Base: Janeiro/2021"]
[]
["Planilha: 1 - TABELA CUSTOS LABOR/CT-UFES PADRÃO DER JANEIRO/2021(LS=157,27; BDI=0%)"]
[]
["Item: 020702 - Barracão para almoxarifado área de 10.90m2, de chapa de compensado de 12mm e pontalete 8x8cm, piso cimentado e cobertura de telhas de fibrocimento de 6mm, incl. ponto de luz, conf. projeto (1 utilização)",{"$nulls":6},"Unidade: m2"]
["Base: LABOR",null,"Código Base: '020702",null,"Fonte: LABOR",null,null,"Versão: 2"]
[]
["MÃO DE OBRA","Unid","Código","Coefic.","C. Prod.","Pr. Prod.","Pr. Improd.","Pr. Unit.","Fator Ac.","Subtotal"]
["CARPINTEIRO (OFICIAL - SINDUSCON) (LABOR)","H","'010111",1.506,1,6.94,0,17.85,"-",26.882]
["ELETRICISTA (OFICIAL - SINDUSCON) (LABOR)","H","'010115",0.692175,1,6.94,0,17.85,"-",12.355]
["PINTOR -(OFICIAL - SINDUSCON) (LABOR)","H","'010140",2.1538,1,6.94,0,17.85,"-",38.445]
["SERVENTE (AUXILIAR DE OBRAS - SINDUSCON) (LABOR)","H","'010146",4.64103,1,5.1,0,13.12,"-",60.89]
["TELHADISTA - (OFICIAL - SINDUSCON) (LABOR)","H","'010150",0.31552,1,6.94,0,17.85,"-",5.632]
["SubTotal:",{"$nulls":8},144.2]
[]
["MATERIAL","Unid","Código","Coefic.","C. Prod.","Pr. Prod.","Pr. Improd.","Pr. Unit.","Fator Ac.","Subtotal"]
["AREIA LAVADA MEDIA (LABOR)","M3","'020503",0.0354,1,71.67,0,71.67,"-",2.537]
["CAL HIDRATADO P/ ARGAMASSA CH III (LABOR)","KG","'020505",1.32,1,0.78,0,0.78,"-",1.03]
["CIMENTO PORTLAND CP III - 40 (LABOR)","KG","'020508",5.1,1,0.43,0,0.43,"-",2.193]
["BRITA 3 (LABOR)","M3","'020519",0.06,1,90.03,0,90.03,"-",5.402]
["PONTALETE DE MADEIRA BRUTA DE 3ª 8.0 X 8.0 CM (LABOR)","M","'021009",6.71,1,5.02,0,5.02,"-",33.684]
["CHAPA COMPENSADA RESINADA ESP. 12MM (LABOR)","M2","'021032",3.82,1,22.55,0,22.55,"-",86.141]
["TELHA FIBROCIMENTO ONDULADA DE 6MM (LABOR)","M2","'025513",1.564,1,27.07,0,27.07,"-",42.337]
["CONJUNTO VEDACAO ELASTICA (LABOR)","UN","'026503",1.9312,1,0.58,0,0.58,"-",1.12]
["PARAFUSO COM ROSCA SOBERBA 8X110MM (LABOR)","UN","'026517",1.9312,1,1.04,0,1.04,"-",2.008]
["BUCHA PLASTICA COM PARAFUSO - 8MM (LABOR)","UN","'026548",1.1,1,0.27,0,0.27,"-",0.297]
["PREGO - PRECO MEDIO DAS BITOLAS (LABOR)","KG","'026560",0.196,1,9.58,0,9.58,"-",1.878]
["TARGETA FIO REDONDO 2\" (LABOR)","UN","'031516",0.18,1,4.47,0,4.47,"-",0.805]
["CADEADO 40MM (LABOR)","UN","'031519",0.18,1,28.69,0,28.69,"-",5.164]
["PORTA CADEADO PARA CADEADO DE 40MM (LABOR)","UN","'031571",0.18,1,7.19,0,7.19,"-",1.294]
["DOBRADICA DE FERRO ZINCADO DE 3\" X 2 1/2\" (LABOR)","UN","'031584",0.64,1,7.01,0,7.01,"-",4.486]
["ESMALTE SINTETICO (LABOR)","L","'037502",1.5664,1,26.72,0,26.72,"-",41.854]
["AGUARRAZ MINERAL (LABOR)","L","'038001",0.3916,1,10.21,0,10.21,"-",3.998]
["ELETRODUTO DE PVC RIGIDO 3/4\" - ROSCAVEL SEM LUVA (LABOR)","M","'042502",1.518,1,2.88,0,2.88,"-",4.372]
["CURVA DE PVC RIGIDO PARA ELETRODUTO DE 3/4\" (LABOR)","UN","'042511",0.37,1,3.13,0,3.13,"-",1.158]
["LUVA DE PVC RIGIDO PARA ELETRODUTO 3/4\" (LABOR)","UN","'042521",0.74,1,1.05,0,1.05,"-",0.777]
["CABO FLEX ISOL. TERMOPLAST. 750V - 2,50 MM2 - 70º (LABOR)","M","'043005",3.06,1,2.1,0,2.1,"-",6.426]
["CAIXA PVC 4 X 2\" TIGREFLEX (LABOR)","UN","'045104",0.28,1,1.54,0,1.54,"-",0.431]
["INTERRUPTOR (MODULO) 1 TECLA SIMPLES 10A/250V S/ ESPELHO (LABOR)","UN","'045501",0.091,1,9.87,0,9.87,"-",0.898]
["TOMADA (MODULO) PAD BRAS 2 P+T 20A/250V NBR 14136 S/ ESPELH (LABOR)","UN","'045519",0.091,1,15.22,0,15.22,"-",1.385]
["TOMADA (MODULO) PAD BRAS 2 P+T 10A/250V NBR 14136 S/ ESPELH (LABOR)","UN","'045520",0.091,1,12.7,0,12.7,"-",1.156]
["ESPELHO 4X2\", LINHA BRANCA (LABOR)","UN","'045525",0.273,1,5.87,0,5.87,"-",1.603]
["LAMPADA INCANDESCENTE 60W (LABOR)","UN","'046504",0.091,1,5.78,0,5.78,"-",0.526]
["BUCHA DE ALUMINIO FUNDIDO 3/4\" (LABOR)","UN","'048502",0.27,1,0.99,0,0.99,"-",0.267]
["ARRUELA DE ALUMINIO FUNDIDO 3/4\" (LABOR)","UN","'048516",0.27,1,0.58,0,0.58,"-",0.157]
["ABRACADEIRA TIPO \"U\" P/ FIXACAO ELETRODUTO 3/4\" (LABOR)","UN","'048534",0.55,1,0.28,0,0.28,"-",0.154]
["BOCAL PORCELANA C/ ROSCA P/ LAMPADA INCANDESCENTE (LABOR)","UN","'049505",0.091,1,3.92,0,3.92,"-",0.357]
["SubTotal:",{"$nulls":8},255.9]
[]
["RESUMO"]
["DISCRIMINAÇÃO",null,null,"TAXA(%)","VALORES"]
["Mão-de-Obra(A)",null,null,157.27,144.2]
["Materiais(B)",{"$nulls":3},255.9]
["Equipamentos(C)",{"$nulls":3},0]
["Produção da Equipe(D)",{"$nulls":3},1]
["Custo Horário Total(A+C)",{"$nulls":3},144.2]
["Custo Unitário da Execução[(A/D)+(C/D)] = E",{"$nulls":3},144.2]
["Custo Direto Total(B+E)",{"$nulls":3},400.1]
["Bonificações e Despesas Indiretas - BDI",null,null,0,0]
["CUSTO UNITÁRIO (Adotado)",{"$nulls":3},400.1]
[]
[]
["Orçamento: 1028201 - TABELA CUSTOS LABOR/CT-UFES PADRÃO DER JANEIRO/2021(LS=157,27; BDI=0%)"]
["Órgão Cliente: DER-ES",null,null,"Órgão Gerente: DER-ES",null,null,"Data Base: Janeiro/2021"]
[]
["Planilha: 1 - TABELA CUSTOS LABOR/CT-UFES PADRÃO DER JANEIRO/2021(LS=157,27; BDI=0%)"]
[]
["Item: 030304 - Índice de preço para remoção de entulho decorrente da execução de obras (Classe A CONAMA - NBR 10.004 - Classe II-B), incluindo aluguel da caçamba, carga, transporte e descarga em área licenciada",{"$nulls":6},"Unidade: m3"]
["Base: LABOR",null,"Código Base: '030304",null,"Fonte: LABOR",null,null,"Versão: 2"]
[]
["MÃO DE OBRA","Unid","Código","Coefic.","C. Prod.","Pr. Prod.","Pr. Improd.","Pr. Unit.","Fator Ac.","Subtotal"]
["SERVENTE (AUXILIAR DE OBRAS - SINDUSCON) (LABOR)","H","'010146",0.63,1,5.1,0,13.12,"-",8.266]
["SubTotal:",{"$nulls":8},8.27]
[]
["MATERIAL","Unid","Código","Coefic.","C. Prod.","Pr. Prod.","Pr. Improd.","Pr. Unit.","Fator Ac.","Subtotal"]
["REMOCAO RESIDUOS CLASSE A CONAMA (CACAMBA) CLASSE II B (NBR10004) INCLUSIVE DESTINACAO FINAL (LABOR)","M3","'070114",1,1,45,0,45,"-",45]
["SubTotal:",{"$nulls":8},45]
[]
["RESUMO"]
["DISCRIMINAÇÃO",null,null,"TAXA(%)","VALORES"]
["Mão-de-Obra(A)",null,null,157.27,8.27]
["Materiais(B)",{"$nulls":3},45]
["Equipamentos(C)",{"$nulls":3},0]
["Produção da Equipe(D)",{"$nulls":3},1]
["Custo Horário Total(A+C)",{"$nulls":3},8.27]
["Custo Unitário da Execução[(A/D)+(C/D)] = E",{"$nulls":3},8.27]
["Custo Direto Total(B+E)",{"$nulls":3},53.27]
["Bonificações e Despesas Indiretas - BDI",null,null,0,0]
["CUSTO UNITÁRIO (Adotado)",{"$nulls":3},53.27]
[]
[]
[]
["Orçamento: 1028201 - TABELA CUSTOS LABOR/CT-UFES PADRÃO DER JANEIRO/2021(LS=157,27; BDI=0%)"]
["Órgão Cliente: DER-ES",null,null,"Órgão Gerente: DER-ES",null,null,"Data Base: Janeiro/2021"]
[]
["Planilha: 1 - TABELA CUSTOS LABOR/CT-UFES PADRÃO DER JANEIRO/2021(LS=157,27; BDI=0%)"]
[]
["Item: 040206 - Fôrma de tábua de madeira de 2.5 x 30.0 cm para fundações, levando-se em conta a utilização 5 vezes (incluido o material, corte, montagem, escoramento e desforma)",{"$nulls":6},"Unidade: m2"]
["Base: LABOR",null,"Código Base: '040206",null,"Fonte: LABOR",null,null,"Versão: 2"]
[]
["MÃO DE OBRA","Unid","Código","Coefic.","C. Prod.","Pr. Prod.","Pr. Improd.","Pr. Unit.","Fator Ac.","Subtotal"]
["AJUDANTE (AJUDANTE PRATICO - SINDUSCON) (LABOR)","H","'010101",1.3,1,5.86,0,15.08,"-",19.604]
["CARPINTEIRO (OFICIAL - SINDUSCON) (LABOR)","H","'010111",1.3,1,6.94,0,17.85,"-",23.205]
["SubTotal:",{"$nulls":8},42.81]
[]
["MATERIAL","Unid","Código","Coefic.","C. Prod.","Pr. Prod.","Pr. Improd.","Pr. Unit.","Fator Ac.","Subtotal"]
["SARRAFO DE MADEIRA PINUS 10 X 2.5CM (LABOR)","M","'020985",0.5,1,5.39,0,5.39,"-",2.695]
["TABUA DE MADEIRA PINUS 30 X 2.5 CM (LABOR)","M","'020988",1,1,9.71,0,9.71,"-",9.71]
["PREGO 18X27 (LABOR)","KG","'026569",0.15,1,8.78,0,8.78,"-",1.317]
["DESMOLDANTE PARA FORMAS (LABOR)","L","'028008",0.4,1,10.66,0,10.66,"-",4.264]
["SubTotal:",{"$nulls":8},17.99]
[]
["RESUMO"]
["DISCRIMINAÇÃO",null,null,"TAXA(%)","VALORES"]
["Mão-de-Obra(A)",null,null,157.27,42.81]
["Materiais(B)",{"$nulls":3},17.99]
["Equipamentos(C)",{"$nulls":3},0]
["Produção da Equipe(D)",{"$nulls":3},1]
["Custo Horário Total(A+C)",{"$nulls":3},42.81]
["Custo Unitário da Execução[(A/D)+(C/D)] = E",{"$nulls":3},42.81]
["Custo Direto Total(B+E)",{"$nulls":3},60.8]
["Bonificações e Despesas Indiretas - BDI",null,null,0,0]
["CUSTO UNITÁRIO (Adotado)",{"$nulls":3},60.8]
[]
[]
["Orçamento: 1028201 - TABELA CUSTOS LABOR/CT-UFES PADRÃO DER JANEIRO/2021(LS=157,27; BDI=0%)"]
["Órgão Cliente: DER-ES",null,null,"Órgão Gerente: DER-ES",null,null,"Data Base: Janeiro/2021"]
[]
["Planilha: 1 - TABELA CUSTOS LABOR/CT-UFES PADRÃO DER JANEIRO/2021(LS=157,27; BDI=0%)"]
[]
["Item: 040322 - Fornecimento, preparo e aplicação de concreto Fck=20 MPa (brita 1 e 2) - (5% de perdas já incluído no custo)",{"$nulls":6},"Unidade: m3"]
["Base: LABOR",null,"Código Base: '040322",null,"Fonte: LABOR",null,null,"Versão: 1"]
[]
["MÃO DE OBRA","Unid","Código","Coefic.","C. Prod.","Pr. Prod.","Pr. Improd.","Pr. Unit.","Fator Ac.","Subtotal"]
["PEDREIRO - (OFICIAL - SINDUSCON) (LABOR)","H","'010139",5.25,1,6.94,0,17.85,"-",93.713]
["SERVENTE (AUXILIAR DE OBRAS - SINDUSCON) (LABOR)","H","'010146",14.7,1,5.1,0,13.12,"-",192.864]
["SubTotal:",{"$nulls":8},286.58]
[]
["MATERIAL","Unid","Código","Coefic.","C. Prod.","Pr. Prod.","Pr. Improd.","Pr. Unit.","Fator Ac.","Subtotal"]
["AREIA LAVADA MEDIA (LABOR)","M3","'020503",0.7056,1,71.67,0,71.67,"-",50.57]
["CIMENTO PORTLAND CP III - 40 (LABOR)","KG","'020508",367.5,1,0.43,0,0.43,"-",158.025]
["BRITA 1 (LABOR)","M3","'020517",0.40005,1,90.03,0,90.03,"-",36.017]
["BRITA 2 (LABOR)","M3","'020518",0.40005,1,90.03,0,90.03,"-",36.017]
["SubTotal:",{"$nulls":8},280.63]
[]
["EQUIPAMENTO","Unid","Código","Coefic.","C. Prod.","Pr. Prod.","Pr. Improd.","Pr. Unit.","Fator Ac.","Subtotal"]
["BETONEIRA 320 L (E301) (LABOR)","H","'080125",0.7497,1,29.36,13.61,29.36,"-",22.011]
["SubTotal:",{"$nulls":8},22.01]
[]
["RESUMO"]
["DISCRIMINAÇÃO",null,null,"TAXA(%)","VALORES"]
["Mão-de-Obra(A)",null,null,157.27,286.58]
["Materiais(B)",{"$nulls":3},280.63]
["Equipamentos(C)",{"$nulls":3},22.01]
["Produção da Equipe(D)",{"$nulls":3},1]
["Custo Horário Total(A+C)",{"$nulls":3},308.59]
["Custo Unitário da Execução[(A/D)+(C/D)] = E",{"$nulls":3},308.59]
["Custo Direto Total(B+E)",{"$nulls":3},589.22]
["Bonificações e Despesas Indiretas - BDI",null,null,0,0]
["CUSTO UNITÁRIO (Adotado)",{"$nulls":3},589.22]
[]
[]
["Orçamento: 1028201 - TABELA CUSTOS LABOR/CT-UFES PADRÃO DER JANEIRO/2021(LS=157,27; BDI=0%)"]
["Órgão Cliente: DER-ES",null,null,"Órgão Gerente: DER-ES",null,null,"Data Base: Janeiro/2021"]
[]
["Planilha: 1 - TABELA CUSTOS LABOR/CT-UFES PADRÃO DER JANEIRO/2021(LS=157,27; BDI=0%)"]
[]
["Item: 040328 - Fornecimento, dobragem e colocação em fôrma, de armadura CA-50 A média, diâmetro de 6.3 a 10.0 mm",{"$nulls":6},"Unidade: kg"]
["Base: LABOR",null,"Código Base: '040328",null,"Fonte: LABOR",null,null,"Versão: 1"]
[]
["MÃO DE OBRA","Unid","Código","Coefic.","C. Prod.","Pr. Prod.","Pr. Improd.","Pr. Unit.","Fator Ac.","Subtotal"]
["AJUDANTE (AJUDANTE PRATICO - SINDUSCON) (LABOR)","H","'010101",0.08,1,5.86,0,15.08,"-",1.206]
["ARMADOR (OFICIAL - SINDUSCON) (LABOR)","H","'010121",0.08,1,6.94,0,17.85,"-",1.428]
["SubTotal:",{"$nulls":8},2.63]
[]
["MATERIAL","Unid","Código","Coefic.","C. Prod.","Pr. Prod.","Pr. Improd.","Pr. Unit.","Fator Ac.","Subtotal"]
["ACO CA-50 DE 8.0MM (LABOR)","KG","'021517",1.1,1,7.34,0,7.34,"-",8.074]
["ARAME RECOZIDO N.18 BWG (LABOR)","KG","'027010",0.02,1,8.4,0,8.4,"-",0.168]
["SubTotal:",{"$nulls":8},8.24]
[]
["RESUMO"]
["DISCRIMINAÇÃO",null,null,"TAXA(%)","VALORES"]
["Mão-de-Obra(A)",null,null,157.27,2.63]
["Materiais(B)",{"$nulls":3},8.24]
["Equipamentos(C)",{"$nulls":3},0]
["Produção da Equipe(D)",{"$nulls":3},1]
["Custo Horário Total(A+C)",{"$nulls":3},2.63]
["Custo Unitário da Execução[(A/D)+(C/D)] = E",{"$nulls":3},2.63]
["Custo Direto Total(B+E)",{"$nulls":3},10.87]
["Bonificações e Despesas Indiretas - BDI",null,null,0,0]
["CUSTO UNITÁRIO (Adotado)",{"$nulls":3},10.87]
[]
[]
["Orçamento: 1028201 - TABELA CUSTOS LABOR/CT-UFES PADRÃO DER JANEIRO/2021(LS=157,27; BDI=0%)"]
["Órgão Cliente: DER-ES",null,null,"Órgão Gerente: DER-ES",null,null,"Data Base: Janeiro/2021"]
[]
["Planilha: 1 - TABELA CUSTOS LABOR/CT-UFES PADRÃO DER JANEIRO/2021(LS=157,27; BDI=0%)"]
[]
["Item: 050601 - Alvenaria de blocos de concreto 9x19x39cm, c/ resist. mínimo a compres. 2.5 MPa, assent. c/ arg. de cimento, cal hidratada CH1 e areia no traço 1:0.5:8 esp. das juntas 10mm e esp. das paredes, s/ rev. 9cm",{"$nulls":6},"Unidade: m2"]
["Base: LABOR",null,"Código Base: '050601",null,"Fonte: LABOR",null,null,"Versão: 1"]
[]
["MÃO DE OBRA","Unid","Código","Coefic.","C. Prod.","Pr. Prod.","Pr. Improd.","Pr. Unit.","Fator Ac.","Subtotal"]
["PEDREIRO - (OFICIAL - SINDUSCON) (LABOR)","H","'010139",0.66,1,6.94,0,17.85,"-",11.781]
["SERVENTE (AUXILIAR DE OBRAS - SINDUSCON) (LABOR)","H","'010146",0.73,1,5.1,0,13.12,"-",9.578]
["SubTotal:",{"$nulls":8},21.36]
[]
["MATERIAL","Unid","Código","Coefic.","C. Prod.","Pr. Prod.","Pr. Improd.","Pr. Unit.","Fator Ac.","Subtotal"]
["AREIA LAVADA MEDIA (LABOR)","M3","'020503",8.26E-3,1,71.67,0,71.67,"-",0.592]
["CAL HIDRATADO P/ ARGAMASSA CH III (LABOR)","KG","'020505",0.308,1,0.78,0,0.78,"-",0.24]
["CIMENTO PORTLAND CP III - 40 (LABOR)","KG","'020508",1.19,1,0.43,0,0.43,"-",0.512]
["BLOCO DE CONCRETO 9 X 19 X 39CM - VEDACAO (LABOR)","UN","'022502",13.13,1,1.93,0,1.93,"-",25.341]
["SubTotal:",{"$nulls":8},26.68]
[]
["RESUMO"]
["DISCRIMINAÇÃO",null,null,"TAXA(%)","VALORES"]
["Mão-de-Obra(A)",null,null,157.27,21.36]
["Materiais(B)",{"$nulls":3},26.69]
["Equipamentos(C)",{"$nulls":3},0]
["Produção da Equipe(D)",{"$nulls":3},1]
["Custo Horário Total(A+C)",{"$nulls":3},21.36]
["Custo Unitário da Execução[(A/D)+(C/D)] = E",{"$nulls":3},21.36]
["Custo Direto Total(B+E)",{"$nulls":3},48.05]
["Bonificações e Despesas Indiretas - BDI",null,null,0,0]
["CUSTO UNITÁRIO (Adotado)",{"$nulls":3},48.05]
[]
[]
["Orçamento: 1028201 - TABELA CUSTOS LABOR/CT-UFES PADRÃO DER JANEIRO/2021(LS=157,27; BDI=0%)"]
["Órgão Cliente: DER-ES",null,null,"Órgão Gerente: DER-ES",null,null,"Data Base: Janeiro/2021"]
[]
["Planilha: 1 - TABELA CUSTOS LABOR/CT-UFES PADRÃO DER JANEIRO/2021(LS=157,27; BDI=0%)"]
[]
["Item: 071105 - Grade de ferro em barra chata, inclusive chumbamento",{"$nulls":6},"Unidade: m2"]
["Base: LABOR",null,"Código Base: '071105",null,"Fonte: LABOR",null,null,"Versão: 2"]
[]
["MÃO DE OBRA","Unid","Código","Coefic.","C. Prod.","Pr. Prod.","Pr. Improd.","Pr. Unit.","Fator Ac.","Subtotal"]
["PEDREIRO - (OFICIAL - SINDUSCON) (LABOR)","H","'010139",3,1,6.94,0,17.85,"-",53.55]
["SERVENTE (AUXILIAR DE OBRAS - SINDUSCON) (LABOR)","H","'010146",3,1,5.1,0,13.12,"-",39.36]
["SubTotal:",{"$nulls":8},92.91]
[]
["MATERIAL","Unid","Código","Coefic.","C. Prod.","Pr. Prod.","Pr. Improd.","Pr. Unit.","Fator Ac.","Subtotal"]
["AREIA LAVADA MEDIA (LABOR)","M3","'020503",0.009485,1,71.67,0,71.67,"-",0.68]
["CAL HIDRATADO P/ ARGAMASSA CH III (LABOR)","KG","'020505",0.5642,1,0.78,0,0.78,"-",0.44]
["CIMENTO PORTLAND CP III - 40 (LABOR)","KG","'020508",2.8484,1,0.43,0,0.43,"-",1.225]
["BARRA CHATA DE FERRO ASTM A-36 1/4\" X 1\" (LABOR)","M","'028125",7.522123,1,8.56,0,8.56,"0,512 IF",97.356]
["BARRA CHATA DE FERRO ASTM A-36 1/4\" X 1.1/4\" (LABOR)","M","'070276",2.58708,1,10.01,0,10.01,"0,512 IF",39.156]
["GALVANIZAÇÃO ELETROLITICA (LABOR)","KG","'079375",13.64,1,2.1,0,2.1,"0,512 IF",43.31]
["SubTotal:",{"$nulls":8},182.17]
[]
["RESUMO"]
["DISCRIMINAÇÃO",null,null,"TAXA(%)","VALORES"]
["Mão-de-Obra(A)",null,null,157.27,92.91]
["Materiais(B)",{"$nulls":3},182.17]
["Equipamentos(C)",{"$nulls":3},0]
["Produção da Equipe(D)",{"$nulls":3},1]
["Custo Horário Total(A+C)",{"$nulls":3},92.91]
["Custo Unitário da Execução[(A/D)+(C/D)] = E",{"$nulls":3},92.91]
["Custo Direto Total(B+E)",{"$nulls":3},275.08]
["Bonificações e Despesas Indiretas - BDI",null,null,0,0]
["CUSTO UNITÁRIO (Adotado)",{"$nulls":3},275.08]
[]
[]
["Legenda"]
["IF - INDICE DE FABRICAÇÃO; "]
[]
[]
[]
["Orçamento: 1028201 - TABELA CUSTOS LABOR/CT-UFES PADRÃO DER JANEIRO/2021(LS=157,27; BDI=0%)"]
["Órgão Cliente: DER-ES",null,null,"Órgão Gerente: DER-ES",null,null,"Data Base: Janeiro/2021"]
[]
["Planilha: 1 - TABELA CUSTOS LABOR/CT-UFES PADRÃO DER JANEIRO/2021(LS=157,27; BDI=0%)"]
[]
["Item: 071107 - Portão de ferro de abrir em barra chata, chapa e tubo, inclusive chumbamento",{"$nulls":6},"Unidade: m2"]
["Base: LABOR",null,"Código Base: '071107",null,"Fonte: LABOR",null,null,"Versão: 2"]
[]
["MÃO DE OBRA","Unid","Código","Coefic.","C. Prod.","Pr. Prod.","Pr. Improd.","Pr. Unit.","Fator Ac.","Subtotal"]
["PEDREIRO - (OFICIAL - SINDUSCON) (LABOR)","H","'010139",3,1,6.94,0,17.85,"-",53.55]
["SERVENTE (AUXILIAR DE OBRAS - SINDUSCON) (LABOR)","H","'010146",3.06,1,5.1,0,13.12,"-",40.147]
["SubTotal:",{"$nulls":8},93.7]
[]
["MATERIAL","Unid","Código","Coefic.","C. Prod.","Pr. Prod.","Pr. Improd.","Pr. Unit.","Fator Ac.","Subtotal"]
["AREIA LAVADA MEDIA (LABOR)","M3","'020503",0.007174,1,71.67,0,71.67,"-",0.514]
["CAL HIDRATADO P/ ARGAMASSA CH III (LABOR)","KG","'020505",0.4914,1,0.78,0,0.78,"-",0.383]
["CIMENTO PORTLAND CP III - 40 (LABOR)","KG","'020508",2.0466,1,0.43,0,0.43,"-",0.88]
["BARRA CHATA DE FERRO ASTM A-36 3/16\" X 1\" (LABOR)","M","'028068",2.79,1,5.94,0,5.94,"0,512 IF",25.058]
["FECHADURA PARA PORTAO (LABOR)","UN","'031515",0.126,1,66.21,0,66.21,"0,512 IF",12.613]
["CANTONEIRA ABAS IGUAIS DE FERRO ASTM A-36 - 3/16\" X 1.1/4\" X 1.1/4\" (LABOR)","M","'049666",2.66,1,15,0,15,"0,512 IF",60.329]
["CHAPA DE ACO GALVANIZADA Nº 14 (ESP. 1,95MM) (LABOR)","M2","'068047",0.42,1,160.1,0,160.1,"0,512 IF",101.67]
["TUBO ACO GALV 60,30 X 3,75MM (2\") DIN 2440 - MEDIO (LABOR)","M","'070328",3.7,1,69.43,0,69.43,"0,512 IF",388.419]
["GALVANIZAÇÃO ELETROLITICA (LABOR)","KG","'079375",8.48,1,2.1,0,2.1,"0,512 IF",26.926]
["SubTotal:",{"$nulls":8},616.79]
[]
["RESUMO"]
["DISCRIMINAÇÃO",null,null,"TAXA(%)","VALORES"]
["Mão-de-Obra(A)",null,null,157.27,93.7]
["Materiais(B)",{"$nulls":3},616.79]
["Equipamentos(C)",{"$nulls":3},0]
["Produção da Equipe(D)",{"$nulls":3},1]
["Custo Horário Total(A+C)",{"$nulls":3},93.7]
["Custo Unitário da Execução[(A/D)+(C/D)] = E",{"$nulls":3},93.7]
["Custo Direto Total(B+E)",{"$nulls":3},710.49]
["Bonificações e Despesas Indiretas - BDI",null,null,0,0]
["CUSTO UNITÁRIO (Adotado)",{"$nulls":3},710.49]
[]
[]
["Legenda"]
["IF - INDICE DE FABRICAÇÃO; "]
[]
[]
["Orçamento: 1028201 - TABELA CUSTOS LABOR/CT-UFES PADRÃO DER JANEIRO/2021(LS=157,27; BDI=0%)"]
["Órgão Cliente: DER-ES",null,null,"Órgão Gerente: DER-ES",null,null,"Data Base: Janeiro/2021"]
[]
["Planilha: 1 - TABELA CUSTOS LABOR/CT-UFES PADRÃO DER JANEIRO/2021(LS=157,27; BDI=0%)"]
[]
["Item: 071704 - Porta de abrir tipo veneziana em alumínio anodizado, linha 25, completa, incl. puxador com tranca, caixilho, alizar e contramarco",{"$nulls":6},"Unidade: m2"]
["Base: LABOR",null,"Código Base: '071704",null,"Fonte: LABOR",null,null,"Versão: 2"]
[]
["MÃO DE OBRA","Unid","Código","Coefic.","C. Prod.","Pr. Prod.","Pr. Improd.","Pr. Unit.","Fator Ac.","Subtotal"]
["PEDREIRO - (OFICIAL - SINDUSCON) (LABOR)","H","'010139",1.5,1,6.94,0,17.85,"-",26.775]
["SERVENTE (AUXILIAR DE OBRAS - SINDUSCON) (LABOR)","H","'010146",1,1,5.1,0,13.12,"-",13.12]
["SubTotal:",{"$nulls":8},39.9]
[]
["MATERIAL","Unid","Código","Coefic.","C. Prod.","Pr. Prod.","Pr. Improd.","Pr. Unit.","Fator Ac.","Subtotal"]
["AREIA LAVADA MEDIA (LABOR)","M3","'020503",0.005,1,71.67,0,71.67,"-",0.358]
["CIMENTO PORTLAND CP III - 40 (LABOR)","KG","'020508",1.94,1,0.43,0,0.43,"-",0.834]
["PORTA ABRIR VENEZIANA ALUM ANOD NATURAL LINHA 25/SUPREMA (LABOR)","M2","'030868",1,1,678.25,0,678.25,"-",678.25]
["SubTotal:",{"$nulls":8},679.44]
[]
["RESUMO"]
["DISCRIMINAÇÃO",null,null,"TAXA(%)","VALORES"]
["Mão-de-Obra(A)",null,null,157.27,39.9]
["Materiais(B)",{"$nulls":3},679.44]
["Equipamentos(C)",{"$nulls":3},0]
["Produção da Equipe(D)",{"$nulls":3},1]
["Custo Horário Total(A+C)",{"$nulls":3},39.9]
["Custo Unitário da Execução[(A/D)+(C/D)] = E",{"$nulls":3},39.9]
["Custo Direto Total(B+E)",{"$nulls":3},719.34]
["Bonificações e Despesas Indiretas - BDI",null,null,0,0]
["CUSTO UNITÁRIO (Adotado)",{"$nulls":3},719.34]
[]
[]
["Orçamento: 1028201 - TABELA CUSTOS LABOR/CT-UFES PADRÃO DER JANEIRO/2021(LS=157,27; BDI=0%)"]
["Órgão Cliente: DER-ES",null,null,"Órgão Gerente: DER-ES",null,null,"Data Base: Janeiro/2021"]
[]
["Planilha: 1 - TABELA CUSTOS LABOR/CT-UFES PADRÃO DER JANEIRO/2021(LS=157,27; BDI=0%)"]
[]
["Item: 090102 - Estrutura de madeira de lei tipo Paraju, peroba mica, angelim pedra ou equivalente para telhado de telha ondulada de fibrocimento esp. 6mm, com pontaletes e caibros, inclusive tratamento com cupinicida, exclusive telhas",{"$nulls":6},"Unidade: m2"]
["Base: LABOR",null,"Código Base: '090102",null,"Fonte: LABOR",null,null,"Versão: 4"]
[]
["MÃO DE OBRA","Unid","Código","Coefic.","C. Prod.","Pr. Prod.","Pr. Improd.","Pr. Unit.","Fator Ac.","Subtotal"]
["AJUDANTE (AJUDANTE PRATICO - SINDUSCON) (LABOR)","H","'010101",0.7328,1,5.86,0,15.08,"-",11.051]
["CARPINTEIRO (OFICIAL - SINDUSCON) (LABOR)","H","'010111",0.5828,1,6.94,0,17.85,"-",10.403]
["PINTOR -(OFICIAL - SINDUSCON) (LABOR)","H","'010140",0.46,1,6.94,0,17.85,"-",8.211]
["SubTotal:",{"$nulls":8},29.66]
[]
["MATERIAL","Unid","Código","Coefic.","C. Prod.","Pr. Prod.","Pr. Improd.","Pr. Unit.","Fator Ac.","Subtotal"]
["PECA EM MADEIRA DE LEI 8.0 X 8.0 CM (LABOR)","M","'021040",0.436,1,31.5,0,31.5,"-",13.734]
["PECA DE MAD.DE LEI 5X7CM-APARELHADA (LABOR)","M","'021305",0.897,1,25.83,0,25.83,"-",23.17]
["PREGO - PRECO MEDIO DAS BITOLAS (LABOR)","KG","'026560",0.1166,1,9.58,0,9.58,"-",1.117]
["IMUNIZANTE PARA MADEIRA (LABOR)","L","'038030",0.76,1,28.93,0,28.93,"-",21.987]
["SubTotal:",{"$nulls":8},60.01]
[]
["RESUMO"]
["DISCRIMINAÇÃO",null,null,"TAXA(%)","VALORES"]
["Mão-de-Obra(A)",null,null,157.27,29.67]
["Materiais(B)",{"$nulls":3},60.01]
["Equipamentos(C)",{"$nulls":3},0]
["Produção da Equipe(D)",{"$nulls":3},1]
["Custo Horário Total(A+C)",{"$nulls":3},29.67]
["Custo Unitário da Execução[(A/D)+(C/D)] = E",{"$nulls":3},29.67]
["Custo Direto Total(B+E)",{"$nulls":3},89.68]
["Bonificações e Despesas Indiretas - BDI",null,null,0,0]
["CUSTO UNITÁRIO (Adotado)",{"$nulls":3},89.68]
[]
[]
[]
["Orçamento: 1028201 - TABELA CUSTOS LABOR/CT-UFES PADRÃO DER JANEIRO/2021(LS=157,27; BDI=0%)"]
["Órgão Cliente: DER-ES",null,null,"Órgão Gerente: DER-ES",null,null,"Data Base: Janeiro/2021"]
[]
["Planilha: 1 - TABELA CUSTOS LABOR/CT-UFES PADRÃO DER JANEIRO/2021(LS=157,27; BDI=0%)"]
[]
["Item: 090219 - Cobertura em telha ondulada de alumínio, esp. 0.5mm, inclusive acessórios de fixação",{"$nulls":6},"Unidade: m2"]
["Base: LABOR",null,"Código Base: '090219",null,"Fonte: LABOR",null,null,"Versão: 1"]
[]
["MÃO DE OBRA","Unid","Código","Coefic.","C. Prod.","Pr. Prod.","Pr. Improd.","Pr. Unit.","Fator Ac.","Subtotal"]
["AJUDANTE (AJUDANTE PRATICO - SINDUSCON) (LABOR)","H","'010101",0.232,1,5.86,0,15.08,"-",3.499]
["TELHADISTA - (OFICIAL - SINDUSCON) (LABOR)","H","'010150",0.232,1,6.94,0,17.85,"-",4.141]
["SubTotal:",{"$nulls":8},7.64]
[]
["MATERIAL","Unid","Código","Coefic.","C. Prod.","Pr. Prod.","Pr. Improd.","Pr. Unit.","Fator Ac.","Subtotal"]
["TELHA ONDULADA DE ALUMÍNIO ESP. 0.5 MM (LABOR)","M2","'025592",1,1,74.88,0,74.88,"-",74.88]
["CONJUNTO P/ FIXAÇÃO TELHA ALUMINIO ONDULADA (LABOR)","UN","'026678",3,1,0.3,0,0.3,"-",0.9]
["SubTotal:",{"$nulls":8},75.78]
[]
["RESUMO"]
["DISCRIMINAÇÃO",null,null,"TAXA(%)","VALORES"]
["Mão-de-Obra(A)",null,null,157.27,7.64]
["Materiais(B)",{"$nulls":3},75.78]
["Equipamentos(C)",{"$nulls":3},0]
["Produção da Equipe(D)",{"$nulls":3},1]
["Custo Horário Total(A+C)",{"$nulls":3},7.64]
["Custo Unitário da Execução[(A/D)+(C/D)] = E",{"$nulls":3},7.64]
["Custo Direto Total(B+E)",{"$nulls":3},83.42]
["Bonificações e Despesas Indiretas - BDI",null,null,0,0]
["CUSTO UNITÁRIO (Adotado)",{"$nulls":3},83.42]
[]
[]
["Orçamento: 1028201 - TABELA CUSTOS LABOR/CT-UFES PADRÃO DER JANEIRO/2021(LS=157,27; BDI=0%)"]
["Órgão Cliente: DER-ES",null,null,"Órgão Gerente: DER-ES",null,null,"Data Base: Janeiro/2021"]
[]
["Planilha: 1 - TABELA CUSTOS LABOR/CT-UFES PADRÃO DER JANEIRO/2021(LS=157,27; BDI=0%)"]
[]
["Item: 090302 - Rufo de chapa metálica nº 26 com largura de 30 cm",{"$nulls":6},"Unidade: m"]
["Base: LABOR",null,"Código Base: '090302",null,"Fonte: LABOR",null,null,"Versão: 1"]
[]
["MÃO DE OBRA","Unid","Código","Coefic.","C. Prod.","Pr. Prod.","Pr. Improd.","Pr. Unit.","Fator Ac.","Subtotal"]
["AJUDANTE (AJUDANTE PRATICO - SINDUSCON) (LABOR)","H","'010101",0.5,1,5.86,0,15.08,"-",7.54]
["PEDREIRO - (OFICIAL - SINDUSCON) (LABOR)","H","'010139",0.5,1,6.94,0,17.85,"-",8.925]
["SubTotal:",{"$nulls":8},16.46]
[]
["MATERIAL","Unid","Código","Coefic.","C. Prod.","Pr. Prod.","Pr. Improd.","Pr. Unit.","Fator Ac.","Subtotal"]
["PREGO 15X15 (LABOR)","KG","'026566",0.07,1,10.39,0,10.39,"-",0.727]
["CHAPA GALVANIZADA Nº 26 DESENV 30 CM (LABOR)","M","'068001",1.03,1,12.21,0,12.21,"-",12.576]
["SubTotal:",{"$nulls":8},13.3]
[]
["RESUMO"]
["DISCRIMINAÇÃO",null,null,"TAXA(%)","VALORES"]
["Mão-de-Obra(A)",null,null,157.27,16.47]
["Materiais(B)",{"$nulls":3},13.3]
["Equipamentos(C)",{"$nulls":3},0]
["Produção da Equipe(D)",{"$nulls":3},1]
["Custo Horário Total(A+C)",{"$nulls":3},16.47]
["Custo Unitário da Execução[(A/D)+(C/D)] = E",{"$nulls":3},16.47]
["Custo Direto Total(B+E)",{"$nulls":3},29.77]
["Bonificações e Despesas Indiretas - BDI",null,null,0,0]
["CUSTO UNITÁRIO (Adotado)",{"$nulls":3},29.77]
[]
[]
["Orçamento: 1028201 - TABELA CUSTOS LABOR/CT-UFES PADRÃO DER JANEIRO/2021(LS=157,27; BDI=0%)"]
["Órgão Cliente: DER-ES",null,null,"Órgão Gerente: DER-ES",null,null,"Data Base: Janeiro/2021"]
[]
["Planilha: 1 - TABELA CUSTOS LABOR/CT-UFES PADRÃO DER JANEIRO/2021(LS=157,27; BDI=0%)"]
[]
["Item: 090312 - Calha em chapa galvanizada com largura de 40 cm",{"$nulls":6},"Unidade: m"]
["Base: LABOR",null,"Código Base: '090312",null,"Fonte: LABOR",null,null,"Versão: 1"]
[]
["MÃO DE OBRA","Unid","Código","Coefic.","C. Prod.","Pr. Prod.","Pr. Improd.","Pr. Unit.","Fator Ac.","Subtotal"]
["AJUDANTE (AJUDANTE PRATICO - SINDUSCON) (LABOR)","H","'010101",0.5,1,5.86,0,15.08,"-",7.54]
["ENCANADOR - (OFICIAL - SINDUSCON) (LABOR)","H","'010118",0.5,1,6.94,0,17.85,"-",8.925]
["SubTotal:",{"$nulls":8},16.46]
[]
["MATERIAL","Unid","Código","Coefic.","C. Prod.","Pr. Prod.","Pr. Improd.","Pr. Unit.","Fator Ac.","Subtotal"]
["SUPORTE PARA CALHA (LABOR)","UN","'068017",1,1,18.19,0,18.19,"-",18.19]
["CALHA EM CHAPA DE ACO GALVANIZADO N. 20 40X25X25CM (LABOR)","M","'068023",1,1,124.68,0,124.68,"-",124.68]
["SubTotal:",{"$nulls":8},142.87]
[]
["RESUMO"]
["DISCRIMINAÇÃO",null,null,"TAXA(%)","VALORES"]
["Mão-de-Obra(A)",null,null,157.27,16.47]
["Materiais(B)",{"$nulls":3},142.87]
["Equipamentos(C)",{"$nulls":3},0]
["Produção da Equipe(D)",{"$nulls":3},1]
["Custo Horário Total(A+C)",{"$nulls":3},16.47]
["Custo Unitário da Execução[(A/D)+(C/D)] = E",{"$nulls":3},16.47]
["Custo Direto Total(B+E)",{"$nulls":3},159.34]
["Bonificações e Despesas Indiretas - BDI",null,null,0,0]
["CUSTO UNITÁRIO (Adotado)",{"$nulls":3},159.34]
[]
[]
["Orçamento: 1028201 - TABELA CUSTOS LABOR/CT-UFES PADRÃO DER JANEIRO/2021(LS=157,27; BDI=0%)"]
["Órgão Cliente: DER-ES",null,null,"Órgão Gerente: DER-ES",null,null,"Data Base: Janeiro/2021"]
[]
["Planilha: 1 - TABELA CUSTOS LABOR/CT-UFES PADRÃO DER JANEIRO/2021(LS=157,27; BDI=0%)"]
[]
["Item: 100105 - Índice de imperm.c/ manta asfáltica atendendo NBR 9952, asfalto polimérico, esp.4mm reforç.c/ filme int.em polietileno, regul.base c/ arg.1:4 esp.mín.15mm, proteção mec. arg. 1:4 esp.20mm e juntas dilat.",{"$nulls":6},"Unidade: m2"]
["Base: LABOR",null,"Código Base: '100105",null,"Fonte: LABOR",null,null,"Versão: 1"]
[]
["MATERIAL","Unid","Código","Coefic.","C. Prod.","Pr. Prod.","Pr. Improd.","Pr. Unit.","Fator Ac.","Subtotal"]
["MANTA ASFALTICA 4MM TIPO III - APP (AREIA/POLIESTER/POLIESTER) NBR 9952, INCL. ARG. REGULAR. E PROTECAO (LABOR)","M2","'024131",1,1,183.77,0,183.77,"-",183.77]
["SubTotal:",{"$nulls":8},183.77]
[]
["RESUMO"]
["DISCRIMINAÇÃO",null,null,"TAXA(%)","VALORES"]
["Mão-de-Obra(A)",null,null,157.27,0]
["Materiais(B)",{"$nulls":3},183.77]
["Equipamentos(C)",{"$nulls":3},0]
["Produção da Equipe(D)",{"$nulls":3},1]
["Custo Horário Total(A+C)",{"$nulls":3},0]
["Custo Unitário da Execução[(A/D)+(C/D)] = E",{"$nulls":3},0]
["Custo Direto Total(B+E)",{"$nulls":3},183.77]
["Bonificações e Despesas Indiretas - BDI",null,null,0,0]
["CUSTO UNITÁRIO (Adotado)",{"$nulls":3},183.77]
[]
[]
["Orçamento: 1028201 - TABELA CUSTOS LABOR/CT-UFES PADRÃO DER JANEIRO/2021(LS=157,27; BDI=0%)"]
["Órgão Cliente: DER-ES",null,null,"Órgão Gerente: DER-ES",null,null,"Data Base: Janeiro/2021"]
[]
["Planilha: 1 - TABELA CUSTOS LABOR/CT-UFES PADRÃO DER JANEIRO/2021(LS=157,27; BDI=0%)"]
[]
["Item: 100208 - Índice de imperm.c/ manta asfáltica atendendo NBR 9952, asfalto polimerizado esp.3mm, reforç.c/ filme int. polietileno, regul. base c/ arg.1:4 esp.mín.15mm, proteção mec. arg.1:4 esp.20mm e juntas dilat.",{"$nulls":6},"Unidade: m2"]
["Base: LABOR",null,"Código Base: '100208",null,"Fonte: LABOR",null,null,"Versão: 1"]
[]
["MATERIAL","Unid","Código","Coefic.","C. Prod.","Pr. Prod.","Pr. Improd.","Pr. Unit.","Fator Ac.","Subtotal"]
["MANTA ASFALTICA 3MM TIPO III - APP (AREIA/POLIESTER/POLIESTER) NBR 9952, INCL. ARG. REGULAR. E PROTECAO (LABOR)","M2","'024130",1,1,175.03,0,175.03,"-",175.03]
["SubTotal:",{"$nulls":8},175.03]
[]
["RESUMO"]
["DISCRIMINAÇÃO",null,null,"TAXA(%)","VALORES"]
["Mão-de-Obra(A)",null,null,157.27,0]
["Materiais(B)",{"$nulls":3},175.03]
["Equipamentos(C)",{"$nulls":3},0]
["Produção da Equipe(D)",{"$nulls":3},1]
["Custo Horário Total(A+C)",{"$nulls":3},0]
["Custo Unitário da Execução[(A/D)+(C/D)] = E",{"$nulls":3},0]
["Custo Direto Total(B+E)",{"$nulls":3},175.03]
["Bonificações e Despesas Indiretas - BDI",null,null,0,0]
["CUSTO UNITÁRIO (Adotado)",{"$nulls":3},175.03]
[]
[]
["Orçamento: 1028201 - TABELA CUSTOS LABOR/CT-UFES PADRÃO DER JANEIRO/2021(LS=157,27; BDI=0%)"]
["Órgão Cliente: DER-ES",null,null,"Órgão Gerente: DER-ES",null,null,"Data Base: Janeiro/2021"]
[]
["Planilha: 1 - TABELA CUSTOS LABOR/CT-UFES PADRÃO DER JANEIRO/2021(LS=157,27; BDI=0%)"]
[]
["Item: 120101 - Chapisco de argamassa de cimento e areia média ou grossa lavada, no traço 1:3, espessura 5 mm",{"$nulls":6},"Unidade: m2"]
["Base: LABOR",null,"Código Base: '120101",null,"Fonte: LABOR",null,null,"Versão: 1"]
[]
["MÃO DE OBRA","Unid","Código","Coefic.","C. Prod.","Pr. Prod.","Pr. Improd.","Pr. Unit.","Fator Ac.","Subtotal"]
["PEDREIRO - (OFICIAL - SINDUSCON) (LABOR)","H","'010139",0.1,1,6.94,0,17.85,"-",1.785]
["SERVENTE (AUXILIAR DE OBRAS - SINDUSCON) (LABOR)","H","'010146",0.15,1,5.1,0,13.12,"-",1.968]
["SubTotal:",{"$nulls":8},3.75]
[]
["MATERIAL","Unid","Código","Coefic.","C. Prod.","Pr. Prod.","Pr. Improd.","Pr. Unit.","Fator Ac.","Subtotal"]
["AREIA LAVADA MEDIA (LABOR)","M3","'020503",0.0061,1,71.67,0,71.67,"-",0.437]
["CIMENTO PORTLAND CP III - 40 (LABOR)","KG","'020508",2.43,1,0.43,0,0.43,"-",1.045]
["SubTotal:",{"$nulls":8},1.48]
[]
["RESUMO"]
["DISCRIMINAÇÃO",null,null,"TAXA(%)","VALORES"]
["Mão-de-Obra(A)",null,null,157.27,3.75]
["Materiais(B)",{"$nulls":3},1.48]
["Equipamentos(C)",{"$nulls":3},0]
["Produção da Equipe(D)",{"$nulls":3},1]
["Custo Horário Total(A+C)",{"$nulls":3},3.75]
["Custo Unitário da Execução[(A/D)+(C/D)] = E",{"$nulls":3},3.75]
["Custo Direto Total(B+E)",{"$nulls":3},5.23]
["Bonificações e Despesas Indiretas - BDI",null,null,0,0]
["CUSTO UNITÁRIO (Adotado)",{"$nulls":3},5.23]
[]
[]
["Orçamento: 1028201 - TABELA CUSTOS LABOR/CT-UFES PADRÃO DER JANEIRO/2021(LS=157,27; BDI=0%)"]
["Órgão Cliente: DER-ES",null,null,"Órgão Gerente: DER-ES",null,null,"Data Base: Janeiro/2021"]
[]
["Planilha: 1 - TABELA CUSTOS LABOR/CT-UFES PADRÃO DER JANEIRO/2021(LS=157,27; BDI=0%)"]
[]
["Item: 120303 - Reboco tipo paulista de argamassa de cimento, cal hidratada CH1 e areia média ou grossa lavada no traço 1:0.5:6, espessura 25 mm",{"$nulls":6},"Unidade: m2"]
["Base: LABOR",null,"Código Base: '120303",null,"Fonte: LABOR",null,null,"Versão: 1"]
[]
["MÃO DE OBRA","Unid","Código","Coefic.","C. Prod.","Pr. Prod.","Pr. Improd.","Pr. Unit.","Fator Ac.","Subtotal"]
["PEDREIRO - (OFICIAL - SINDUSCON) (LABOR)","H","'010139",1.2,1,6.94,0,17.85,"-",21.42]
["SERVENTE (AUXILIAR DE OBRAS - SINDUSCON) (LABOR)","H","'010146",1.3,1,5.1,0,13.12,"-",17.056]
["SubTotal:",{"$nulls":8},38.48]
[]
["MATERIAL","Unid","Código","Coefic.","C. Prod.","Pr. Prod.","Pr. Improd.","Pr. Unit.","Fator Ac.","Subtotal"]
["AREIA LAVADA MEDIA (LABOR)","M3","'020503",0.029,1,71.67,0,71.67,"-",2.078]
["CAL HIDRATADO P/ ARGAMASSA CH III (LABOR)","KG","'020505",1.45,1,0.78,0,0.78,"-",1.131]
["CIMENTO PORTLAND CP III - 40 (LABOR)","KG","'020508",5.6,1,0.43,0,0.43,"-",2.408]
["SubTotal:",{"$nulls":8},5.62]
[]
["RESUMO"]
["DISCRIMINAÇÃO",null,null,"TAXA(%)","VALORES"]
["Mão-de-Obra(A)",null,null,157.27,38.48]
["Materiais(B)",{"$nulls":3},5.62]
["Equipamentos(C)",{"$nulls":3},0]
["Produção da Equipe(D)",{"$nulls":3},1]
["Custo Horário Total(A+C)",{"$nulls":3},38.48]
["Custo Unitário da Execução[(A/D)+(C/D)] = E",{"$nulls":3},38.48]
["Custo Direto Total(B+E)",{"$nulls":3},44.1]
["Bonificações e Despesas Indiretas - BDI",null,null,0,0]
["CUSTO UNITÁRIO (Adotado)",{"$nulls":3},44.1]
[]
[]
["Orçamento: 1028201 - TABELA CUSTOS LABOR/CT-UFES PADRÃO DER JANEIRO/2021(LS=157,27; BDI=0%)"]
["Órgão Cliente: DER-ES",null,null,"Órgão Gerente: DER-ES",null,null,"Data Base: Janeiro/2021"]
[]
["Planilha: 1 - TABELA CUSTOS LABOR/CT-UFES PADRÃO DER JANEIRO/2021(LS=157,27; BDI=0%)"]
[]
["Item: 141410 - Tubo de PVC rígido soldável marrom, diâm. 25mm (3/4\"), inclusive conexões",{"$nulls":6},"Unidade: m"]
["Base: LABOR",null,"Código Base: '141410",null,"Fonte: LABOR",null,null,"Versão: 1"]
[]
["MÃO DE OBRA","Unid","Código","Coefic.","C. Prod.","Pr. Prod.","Pr. Improd.","Pr. Unit.","Fator Ac.","Subtotal"]
["AJUDANTE (AJUDANTE PRATICO - SINDUSCON) (LABOR)","H","'010101",0.4,1,5.86,0,15.08,"-",6.032]
["ENCANADOR - (OFICIAL - SINDUSCON) (LABOR)","H","'010118",0.4,1,6.94,0,17.85,"-",7.14]
["SubTotal:",{"$nulls":8},13.17]
[]
["MATERIAL","Unid","Código","Coefic.","C. Prod.","Pr. Prod.","Pr. Improd.","Pr. Unit.","Fator Ac.","Subtotal"]
["TUBO DE PVC SOLDAVEL DE 25MM (LABOR)","M","'062502",1.6,1,2.87,0,2.87,"-",4.592]
["ADESIVO PARA TUBO DE PVC RIGIDO (LABOR)","KG","'069513",0.0008,1,53.47,0,53.47,"-",0.043]
["SOLUCAO LIMPADORA PARA PVC RIGIDO (LABOR)","L","'069514",0.0003,1,36.06,0,36.06,"-",0.011]
["SubTotal:",{"$nulls":8},4.65]
[]
["RESUMO"]
["DISCRIMINAÇÃO",null,null,"TAXA(%)","VALORES"]
["Mão-de-Obra(A)",null,null,157.27,13.17]
["Materiais(B)",{"$nulls":3},4.65]
["Equipamentos(C)",{"$nulls":3},0]
["Produção da Equipe(D)",{"$nulls":3},1]
["Custo Horário Total(A+C)",{"$nulls":3},13.17]
["Custo Unitário da Execução[(A/D)+(C/D)] = E",{"$nulls":3},13.17]
["Custo Direto Total(B+E)",{"$nulls":3},17.82]
["Bonificações e Despesas Indiretas - BDI",null,null,0,0]
["CUSTO UNITÁRIO (Adotado)",{"$nulls":3},17.82]
[]
[]
[]
["Orçamento: 1028201 - TABELA CUSTOS LABOR/CT-UFES PADRÃO DER JANEIRO/2021(LS=157,27; BDI=0%)"]
["Órgão Cliente: DER-ES",null,null,"Órgão Gerente: DER-ES",null,null,"Data Base: Janeiro/2021"]
[]
["Planilha: 1 - TABELA CUSTOS LABOR/CT-UFES PADRÃO DER JANEIRO/2021(LS=157,27; BDI=0%)"]
[]
["Item: 141413 - Tubo de PVC rígido soldável marrom, diâm. 50mm (11/2\"), inclusive conexões",{"$nulls":6},"Unidade: m"]
["Base: LABOR",null,"Código Base: '141413",null,"Fonte: LABOR",null,null,"Versão: 1"]
[]
["MÃO DE OBRA","Unid","Código","Coefic.","C. Prod.","Pr. Prod.","Pr. Improd.","Pr. Unit.","Fator Ac.","Subtotal"]
["AJUDANTE (AJUDANTE PRATICO - SINDUSCON) (LABOR)","H","'010101",0.6,1,5.86,0,15.08,"-",9.048]
["ENCANADOR - (OFICIAL - SINDUSCON) (LABOR)","H","'010118",0.6,1,6.94,0,17.85,"-",10.71]
["SubTotal:",{"$nulls":8},19.76]
[]
["MATERIAL","Unid","Código","Coefic.","C. Prod.","Pr. Prod.","Pr. Improd.","Pr. Unit.","Fator Ac.","Subtotal"]
["TUBO DE PVC SOLDAVEL DE 50MM (LABOR)","M","'062505",1.4,1,10.87,0,10.87,"-",15.218]
["ADESIVO PARA TUBO DE PVC RIGIDO (LABOR)","KG","'069513",0.0017,1,53.47,0,53.47,"-",0.091]
["SOLUCAO LIMPADORA PARA PVC RIGIDO (LABOR)","L","'069514",0.0007,1,36.06,0,36.06,"-",0.025]
["SubTotal:",{"$nulls":8},15.33]
[]
["RESUMO"]
["DISCRIMINAÇÃO",null,null,"TAXA(%)","VALORES"]
["Mão-de-Obra(A)",null,null,157.27,19.76]
["Materiais(B)",{"$nulls":3},15.33]
["Equipamentos(C)",{"$nulls":3},0]
["Produção da Equipe(D)",{"$nulls":3},1]
["Custo Horário Total(A+C)",{"$nulls":3},19.76]
["Custo Unitário da Execução[(A/D)+(C/D)] = E",{"$nulls":3},19.76]
["Custo Direto Total(B+E)",{"$nulls":3},35.09]
["Bonificações e Despesas Indiretas - BDI",null,null,0,0]
["CUSTO UNITÁRIO (Adotado)",{"$nulls":3},35.09]
[]
[]
["Orçamento: 1028201 - TABELA CUSTOS LABOR/CT-UFES PADRÃO DER JANEIRO/2021(LS=157,27; BDI=0%)"]
["Órgão Cliente: DER-ES",null,null,"Órgão Gerente: DER-ES",null,null,"Data Base: Janeiro/2021"]
[]
["Planilha: 1 - TABELA CUSTOS LABOR/CT-UFES PADRÃO DER JANEIRO/2021(LS=157,27; BDI=0%)"]
[]
["Item: 141414 - Tubo de PVC rígido soldável marrom, diâm. 60mm (2\"), inclusive conexões",{"$nulls":6},"Unidade: m"]
["Base: LABOR",null,"Código Base: '141414",null,"Fonte: LABOR",null,null,"Versão: 1"]
[]
["MÃO DE OBRA","Unid","Código","Coefic.","C. Prod.","Pr. Prod.","Pr. Improd.","Pr. Unit.","Fator Ac.","Subtotal"]
["AJUDANTE (AJUDANTE PRATICO - SINDUSCON) (LABOR)","H","'010101",0.7,1,5.86,0,15.08,"-",10.556]
["ENCANADOR - (OFICIAL - SINDUSCON) (LABOR)","H","'010118",0.7,1,6.94,0,17.85,"-",12.495]
["SubTotal:",{"$nulls":8},23.05]
[]
["MATERIAL","Unid","Código","Coefic.","C. Prod.","Pr. Prod.","Pr. Improd.","Pr. Unit.","Fator Ac.","Subtotal"]
["TUBO DE PVC SOLDAVEL DE 60MM (LABOR)","M","'062506",1.4,1,19.23,0,19.23,"-",26.922]
["ADESIVO PARA TUBO DE PVC RIGIDO (LABOR)","KG","'069513",0.0022,1,53.47,0,53.47,"-",0.118]
["SOLUCAO LIMPADORA PARA PVC RIGIDO (LABOR)","L","'069514",0.0008,1,36.06,0,36.06,"-",0.029]
["SubTotal:",{"$nulls":8},27.07]
[]
["RESUMO"]
["DISCRIMINAÇÃO",null,null,"TAXA(%)","VALORES"]
["Mão-de-Obra(A)",null,null,157.27,23.05]
["Materiais(B)",{"$nulls":3},27.07]
["Equipamentos(C)",{"$nulls":3},0]
["Produção da Equipe(D)",{"$nulls":3},1]
["Custo Horário Total(A+C)",{"$nulls":3},23.05]
["Custo Unitário da Execução[(A/D)+(C/D)] = E",{"$nulls":3},23.05]
["Custo Direto Total(B+E)",{"$nulls":3},50.12]
["Bonificações e Despesas Indiretas - BDI",null,null,0,0]
["CUSTO UNITÁRIO (Adotado)",{"$nulls":3},50.12]
[]
[]
["Orçamento: 1028201 - TABELA CUSTOS LABOR/CT-UFES PADRÃO DER JANEIRO/2021(LS=157,27; BDI=0%)"]
["Órgão Cliente: DER-ES",null,null,"Órgão Gerente: DER-ES",null,null,"Data Base: Janeiro/2021"]
[]
["Planilha: 1 - TABELA CUSTOS LABOR/CT-UFES PADRÃO DER JANEIRO/2021(LS=157,27; BDI=0%)"]
[]
["Item: 141525 - Adaptador de PVC soldável com flanges livres para caixa d'água, diâmetro 50mm (1 1/2\")",{"$nulls":6},"Unidade: und"]
["Base: LABOR",null,"Código Base: '141525",null,"Fonte: LABOR",null,null,"Versão: 1"]
[]
["MÃO DE OBRA","Unid","Código","Coefic.","C. Prod.","Pr. Prod.","Pr. Improd.","Pr. Unit.","Fator Ac.","Subtotal"]
["AJUDANTE (AJUDANTE PRATICO - SINDUSCON) (LABOR)","H","'010101",0.14,1,5.86,0,15.08,"-",2.111]
["ENCANADOR - (OFICIAL - SINDUSCON) (LABOR)","H","'010118",0.14,1,6.94,0,17.85,"-",2.499]
["SubTotal:",{"$nulls":8},4.61]
[]
["MATERIAL","Unid","Código","Coefic.","C. Prod.","Pr. Prod.","Pr. Improd.","Pr. Unit.","Fator Ac.","Subtotal"]
["ADAPTADOR PVC SOLD.FLANGES LIVRES P/CX.AGUA 50MM (LABOR)","UN","'062105",1,1,22.2,0,22.2,"-",22.2]
["FITA DE VEDACAO 18MM X 50M (LABOR)","M","'069512",1.57,1,0.18,0,0.18,"-",0.283]
["ADESIVO PARA TUBO DE PVC RIGIDO (LABOR)","KG","'069513",0.0075,1,53.47,0,53.47,"-",0.401]
["SOLUCAO LIMPADORA PARA PVC RIGIDO (LABOR)","L","'069514",0.011,1,36.06,0,36.06,"-",0.397]
["SubTotal:",{"$nulls":8},23.28]
[]
["RESUMO"]
["DISCRIMINAÇÃO",null,null,"TAXA(%)","VALORES"]
["Mão-de-Obra(A)",null,null,157.27,4.61]
["Materiais(B)",{"$nulls":3},23.28]
["Equipamentos(C)",{"$nulls":3},0]
["Produção da Equipe(D)",{"$nulls":3},1]
["Custo Horário Total(A+C)",{"$nulls":3},4.61]
["Custo Unitário da Execução[(A/D)+(C/D)] = E",{"$nulls":3},4.61]
["Custo Direto Total(B+E)",{"$nulls":3},27.89]
["Bonificações e Despesas Indiretas - BDI",null,null,0,0]
["CUSTO UNITÁRIO (Adotado)",{"$nulls":3},27.89]
[]
[]
["Orçamento: 1028201 - TABELA CUSTOS LABOR/CT-UFES PADRÃO DER JANEIRO/2021(LS=157,27; BDI=0%)"]
["Órgão Cliente: DER-ES",null,null,"Órgão Gerente: DER-ES",null,null,"Data Base: Janeiro/2021"]
[]
["Planilha: 1 - TABELA CUSTOS LABOR/CT-UFES PADRÃO DER JANEIRO/2021(LS=157,27; BDI=0%)"]
[]
["Item: 141909 - Tubo de PVC rígido soldável branco, para esgoto, diâmetro 100mm (4\"), inclusive conexões",{"$nulls":6},"Unidade: m"]
["Base: LABOR",null,"Código Base: '141909",null,"Fonte: LABOR",null,null,"Versão: 1"]
[]
["MÃO DE OBRA","Unid","Código","Coefic.","C. Prod.","Pr. Prod.","Pr. Improd.","Pr. Unit.","Fator Ac.","Subtotal"]
["AJUDANTE (AJUDANTE PRATICO - SINDUSCON) (LABOR)","H","'010101",1.1,1,5.86,0,15.08,"-",16.588]
["ENCANADOR - (OFICIAL - SINDUSCON) (LABOR)","H","'010118",1.1,1,6.94,0,17.85,"-",19.635]
["SubTotal:",{"$nulls":8},36.22]
[]
["MATERIAL","Unid","Código","Coefic.","C. Prod.","Pr. Prod.","Pr. Improd.","Pr. Unit.","Fator Ac.","Subtotal"]
["TUBO DE PVC PARA ESGOTO DE 100MM (4\") (LABOR)","M","'062533",1.3,1,10.51,0,10.51,"-",13.663]
["ADESIVO PARA TUBO DE PVC RIGIDO (LABOR)","KG","'069513",0.0327,1,53.47,0,53.47,"-",1.748]
["SOLUCAO LIMPADORA PARA PVC RIGIDO (LABOR)","L","'069514",0.0511,1,36.06,0,36.06,"-",1.843]
["SubTotal:",{"$nulls":8},17.25]
[]
["RESUMO"]
["DISCRIMINAÇÃO",null,null,"TAXA(%)","VALORES"]
["Mão-de-Obra(A)",null,null,157.27,36.22]
["Materiais(B)",{"$nulls":3},17.25]
["Equipamentos(C)",{"$nulls":3},0]
["Produção da Equipe(D)",{"$nulls":3},1]
["Custo Horário Total(A+C)",{"$nulls":3},36.22]
["Custo Unitário da Execução[(A/D)+(C/D)] = E",{"$nulls":3},36.22]
["Custo Direto Total(B+E)",{"$nulls":3},53.47]
["Bonificações e Despesas Indiretas - BDI",null,null,0,0]
["CUSTO UNITÁRIO (Adotado)",{"$nulls":3},53.47]
[]
[]
["Orçamento: 1028201 - TABELA CUSTOS LABOR/CT-UFES PADRÃO DER JANEIRO/2021(LS=157,27; BDI=0%)"]
["Órgão Cliente: DER-ES",null,null,"Órgão Gerente: DER-ES",null,null,"Data Base: Janeiro/2021"]
[]
["Planilha: 1 - TABELA CUSTOS LABOR/CT-UFES PADRÃO DER JANEIRO/2021(LS=157,27; BDI=0%)"]
[]
["Item: 142120 - Torneira de bóia de PVC, diâm. 1\" (25mm)",{"$nulls":6},"Unidade: und"]
["Base: LABOR",null,"Código Base: '142120",null,"Fonte: LABOR",null,null,"Versão: 1"]
[]
["MÃO DE OBRA","Unid","Código","Coefic.","C. Prod.","Pr. Prod.","Pr. Improd.","Pr. Unit.","Fator Ac.","Subtotal"]
["AJUDANTE (AJUDANTE PRATICO - SINDUSCON) (LABOR)","H","'010101",0.34,1,5.86,0,15.08,"-",5.127]
["ENCANADOR - (OFICIAL - SINDUSCON) (LABOR)","H","'010118",0.34,1,6.94,0,17.85,"-",6.069]
["SubTotal:",{"$nulls":8},11.2]
[]
["MATERIAL","Unid","Código","Coefic.","C. Prod.","Pr. Prod.","Pr. Improd.","Pr. Unit.","Fator Ac.","Subtotal"]
["FITA DE VEDACAO 18MM X 50M (LABOR)","M","'069512",0.6,1,0.18,0,0.18,"-",0.108]
["TORN.DE BOIA EM LATAO (BOIA PLAST) DN 25MM (1') (LABOR)","UN","'069516",1,1,82.96,0,82.96,"-",82.96]
["SubTotal:",{"$nulls":8},83.07]
[]
["RESUMO"]
["DISCRIMINAÇÃO",null,null,"TAXA(%)","VALORES"]
["Mão-de-Obra(A)",null,null,157.27,11.2]
["Materiais(B)",{"$nulls":3},83.07]
["Equipamentos(C)",{"$nulls":3},0]
["Produção da Equipe(D)",{"$nulls":3},1]
["Custo Horário Total(A+C)",{"$nulls":3},11.2]
["Custo Unitário da Execução[(A/D)+(C/D)] = E",{"$nulls":3},11.2]
["Custo Direto Total(B+E)",{"$nulls":3},94.27]
["Bonificações e Despesas Indiretas - BDI",null,null,0,0]
["CUSTO UNITÁRIO (Adotado)",{"$nulls":3},94.27]
[]
[]
["Orçamento: 1028201 - TABELA CUSTOS LABOR/CT-UFES PADRÃO DER JANEIRO/2021(LS=157,27; BDI=0%)"]
["Órgão Cliente: DER-ES",null,null,"Órgão Gerente: DER-ES",null,null,"Data Base: Janeiro/2021"]
[]
["Planilha: 1 - TABELA CUSTOS LABOR/CT-UFES PADRÃO DER JANEIRO/2021(LS=157,27; BDI=0%)"]
[]
["Item: 142125 - Adaptador de PVC com flanges livres para caixa d'água de 32mmx1\"",{"$nulls":6},"Unidade: und"]
["Base: LABOR",null,"Código Base: '142125",null,"Fonte: LABOR",null,null,"Versão: 1"]
[]
["MÃO DE OBRA","Unid","Código","Coefic.","C. Prod.","Pr. Prod.","Pr. Improd.","Pr. Unit.","Fator Ac.","Subtotal"]
["AJUDANTE (AJUDANTE PRATICO - SINDUSCON) (LABOR)","H","'010101",0.09,1,5.86,0,15.08,"-",1.357]
["ENCANADOR - (OFICIAL - SINDUSCON) (LABOR)","H","'010118",0.09,1,6.94,0,17.85,"-",1.607]
["SubTotal:",{"$nulls":8},2.96]
[]
["MATERIAL","Unid","Código","Coefic.","C. Prod.","Pr. Prod.","Pr. Improd.","Pr. Unit.","Fator Ac.","Subtotal"]
["ADAPTADOR PVC SOLD.FLANGES LIVRES P/CX.AGUA 32MM (LABOR)","UN","'062103",1,1,13.36,0,13.36,"-",13.36]
["FITA DE VEDACAO 18MM X 50M (LABOR)","M","'069512",1,1,0.18,0,0.18,"-",0.18]
["ADESIVO PARA TUBO DE PVC RIGIDO (LABOR)","KG","'069513",0.0035,1,53.47,0,53.47,"-",0.187]
["SOLUCAO LIMPADORA PARA PVC RIGIDO (LABOR)","L","'069514",0.0055,1,36.06,0,36.06,"-",0.198]
["SubTotal:",{"$nulls":8},13.92]
[]
["RESUMO"]
["DISCRIMINAÇÃO",null,null,"TAXA(%)","VALORES"]
["Mão-de-Obra(A)",null,null,157.27,2.96]
["Materiais(B)",{"$nulls":3},13.93]
["Equipamentos(C)",{"$nulls":3},0]
["Produção da Equipe(D)",{"$nulls":3},1]
["Custo Horário Total(A+C)",{"$nulls":3},2.96]
["Custo Unitário da Execução[(A/D)+(C/D)] = E",{"$nulls":3},2.96]
["Custo Direto Total(B+E)",{"$nulls":3},16.89]
["Bonificações e Despesas Indiretas - BDI",null,null,0,0]
["CUSTO UNITÁRIO (Adotado)",{"$nulls":3},16.89]
[]
[]
["Orçamento: 1028201 - TABELA CUSTOS LABOR/CT-UFES PADRÃO DER JANEIRO/2021(LS=157,27; BDI=0%)"]
["Órgão Cliente: DER-ES",null,null,"Órgão Gerente: DER-ES",null,null,"Data Base: Janeiro/2021"]
[]
["Planilha: 1 - TABELA CUSTOS LABOR/CT-UFES PADRÃO DER JANEIRO/2021(LS=157,27; BDI=0%)"]
[]
["Item: 151127 - Eletroduto de PVC rígido roscável, diâm. 1\" (32mm), inclusive conexões",{"$nulls":6},"Unidade: m"]
["Base: LABOR",null,"Código Base: '151127",null,"Fonte: LABOR",null,null,"Versão: 1"]
[]
["MÃO DE OBRA","Unid","Código","Coefic.","C. Prod.","Pr. Prod.","Pr. Improd.","Pr. Unit.","Fator Ac.","Subtotal"]
["AJUDANTE (AJUDANTE PRATICO - SINDUSCON) (LABOR)","H","'010101",0.45,1,5.86,0,15.08,"-",6.786]
["ELETRICISTA (OFICIAL - SINDUSCON) (LABOR)","H","'010115",0.45,1,6.94,0,17.85,"-",8.033]
["SubTotal:",{"$nulls":8},14.82]
[]
["MATERIAL","Unid","Código","Coefic.","C. Prod.","Pr. Prod.","Pr. Improd.","Pr. Unit.","Fator Ac.","Subtotal"]
["ELETRODUTO DE PVC RIGIDO 1\" - ROSCAVEL SEM LUVA (LABOR)","M","'042503",1.1,1,4.14,0,4.14,"-",4.554]
["SubTotal:",{"$nulls":8},4.55]
[]
["RESUMO"]
["DISCRIMINAÇÃO",null,null,"TAXA(%)","VALORES"]
["Mão-de-Obra(A)",null,null,157.27,14.82]
["Materiais(B)",{"$nulls":3},4.55]
["Equipamentos(C)",{"$nulls":3},0]
["Produção da Equipe(D)",{"$nulls":3},1]
["Custo Horário Total(A+C)",{"$nulls":3},14.82]
["Custo Unitário da Execução[(A/D)+(C/D)] = E",{"$nulls":3},14.82]
["Custo Direto Total(B+E)",{"$nulls":3},19.37]
["Bonificações e Despesas Indiretas - BDI",null,null,0,0]
["CUSTO UNITÁRIO (Adotado)",{"$nulls":3},19.37]
[]
[]
[]
["Orçamento: 1028201 - TABELA CUSTOS LABOR/CT-UFES PADRÃO DER JANEIRO/2021(LS=157,27; BDI=0%)"]
["Órgão Cliente: DER-ES",null,null,"Órgão Gerente: DER-ES",null,null,"Data Base: Janeiro/2021"]
[]
["Planilha: 1 - TABELA CUSTOS LABOR/CT-UFES PADRÃO DER JANEIRO/2021(LS=157,27; BDI=0%)"]
[]
["Item: 152031 - Conector split bolt para cabo de 35.0 mm2",{"$nulls":6},"Unidade: und"]
["Base: LABOR",null,"Código Base: '152031",null,"Fonte: LABOR",null,null,"Versão: 1"]
[]
["MÃO DE OBRA","Unid","Código","Coefic.","C. Prod.","Pr. Prod.","Pr. Improd.","Pr. Unit.","Fator Ac.","Subtotal"]
["AJUDANTE (AJUDANTE PRATICO - SINDUSCON) (LABOR)","H","'010101",0.3,1,5.86,0,15.08,"-",4.524]
["ELETRICISTA (OFICIAL - SINDUSCON) (LABOR)","H","'010115",0.3,1,6.94,0,17.85,"-",5.355]
["SubTotal:",{"$nulls":8},9.88]
[]
["MATERIAL","Unid","Código","Coefic.","C. Prod.","Pr. Prod.","Pr. Improd.","Pr. Unit.","Fator Ac.","Subtotal"]
["CONECTOR SPLIT-BOLT (KS) P/CABO 35MM2 (LABOR)","UN","'049521",1,1,5.87,0,5.87,"-",5.87]
["SubTotal:",{"$nulls":8},5.87]
[]
["RESUMO"]
["DISCRIMINAÇÃO",null,null,"TAXA(%)","VALORES"]
["Mão-de-Obra(A)",null,null,157.27,9.88]
["Materiais(B)",{"$nulls":3},5.87]
["Equipamentos(C)",{"$nulls":3},0]
["Produção da Equipe(D)",{"$nulls":3},1]
["Custo Horário Total(A+C)",{"$nulls":3},9.88]
["Custo Unitário da Execução[(A/D)+(C/D)] = E",{"$nulls":3},9.88]
["Custo Direto Total(B+E)",{"$nulls":3},15.75]
["Bonificações e Despesas Indiretas - BDI",null,null,0,0]
["CUSTO UNITÁRIO (Adotado)",{"$nulls":3},15.75]
[]
[]
["Orçamento: 1028201 - TABELA CUSTOS LABOR/CT-UFES PADRÃO DER JANEIRO/2021(LS=157,27; BDI=0%)"]
["Órgão Cliente: DER-ES",null,null,"Órgão Gerente: DER-ES",null,null,"Data Base: Janeiro/2021"]
[]
["Planilha: 1 - TABELA CUSTOS LABOR/CT-UFES PADRÃO DER JANEIRO/2021(LS=157,27; BDI=0%)"]
[]
["Item: 160305 - Condutor de cobre nú, seção de 35mm2, inclusive suportes isoladores e acessórios de fixação, conforme projeto",{"$nulls":6},"Unidade: m"]
["Base: LABOR",null,"Código Base: '160305",null,"Fonte: LABOR",null,null,"Versão: 1"]
[]
["MÃO DE OBRA","Unid","Código","Coefic.","C. Prod.","Pr. Prod.","Pr. Improd.","Pr. Unit.","Fator Ac.","Subtotal"]
["AJUDANTE (AJUDANTE PRATICO - SINDUSCON) (LABOR)","H","'010101",0.788,1,5.86,0,15.08,"-",11.883]
["ELETRICISTA (OFICIAL - SINDUSCON) (LABOR)","H","'010115",0.788,1,6.94,0,17.85,"-",14.066]
["SubTotal:",{"$nulls":8},25.95]
[]
["MATERIAL","Unid","Código","Coefic.","C. Prod.","Pr. Prod.","Pr. Improd.","Pr. Unit.","Fator Ac.","Subtotal"]
["ELETRODUTO DE PVC RIGIDO 2\" - ROSCAVEL SEM LUVA (LABOR)","M","'042506",0.15,1,10.89,0,10.89,"-",1.634]
["CABO COBRE NU TEMPERA MEIO DURA 35MM2 (LABOR)","M","'043041",1,1,32.74,0,32.74,"-",32.74]
["CAIXA INSPECAO DO TERRA,PVC,DIÂM.30CM,TAMPA FERRO (LABOR)","UN","'048015",0.05,1,93.32,0,93.32,"-",4.666]
["ABRACADEIRA GUIA P/ MASTRO REFORCADA P/ 1 DESCIDA 2\" (LABOR)","UN","'048050",0.1,1,14.36,0,14.36,"-",1.436]
["ABRACADEIRA GUIA P/ MASTRO SIMPLES P/1 DESCIDA 2\" (LABOR)","UN","'048051",0.05,1,10.72,0,10.72,"-",0.536]
["ABRACADEIRA TIPO CHUMBADOR P/ ELETRODUTO 2\" (LABOR)","UN","'048052",0.15,1,6.45,0,6.45,"-",0.968]
["CONECTOR MEDICAO EM BRONZE C/ 4 PARAFUSOS TEL-560 (LABOR)","UN","'048053",0.05,1,26.07,0,26.07,"-",1.304]
["CONECTOR DE PRESSAO P/CABO DE COBRE DE 35 MM2 (LABOR)","UN","'048054",0.25,1,5.51,0,5.51,"-",1.378]
["SUPORTE ISOLADOR P/APLICACAO EM QUINAS DE 90 GRAUS (LABOR)","UN","'048055",0.1,1,17.8,0,17.8,"-",1.78]
["SUPORTE ISOLADOR C/ROLDANA P/APARAFUSAR C/CHAPA (LABOR)","UN","'048056",0.3,1,8.14,0,8.14,"-",2.442]
["SUPORTE ISOLADOR REFORCADO P/APARAFUSAR C/CHAPA (LABOR)","UN","'048057",0.2,1,7.62,0,7.62,"-",1.524]
["SubTotal:",{"$nulls":8},50.41]
[]
["RESUMO"]
["DISCRIMINAÇÃO",null,null,"TAXA(%)","VALORES"]
["Mão-de-Obra(A)",null,null,157.27,25.95]
["Materiais(B)",{"$nulls":3},50.41]
["Equipamentos(C)",{"$nulls":3},0]
["Produção da Equipe(D)",{"$nulls":3},1]
["Custo Horário Total(A+C)",{"$nulls":3},25.95]
["Custo Unitário da Execução[(A/D)+(C/D)] = E",{"$nulls":3},25.95]
["Custo Direto Total(B+E)",{"$nulls":3},76.36]
["Bonificações e Despesas Indiretas - BDI",null,null,0,0]
["CUSTO UNITÁRIO (Adotado)",{"$nulls":3},76.36]
[]
[]
["Orçamento: 1028201 - TABELA CUSTOS LABOR/CT-UFES PADRÃO DER JANEIRO/2021(LS=157,27; BDI=0%)"]
["Órgão Cliente: DER-ES",null,null,"Órgão Gerente: DER-ES",null,null,"Data Base: Janeiro/2021"]
[]
["Planilha: 1 - TABELA CUSTOS LABOR/CT-UFES PADRÃO DER JANEIRO/2021(LS=157,27; BDI=0%)"]
[]
["Item: 160309 - Terminal aéreo em latão (captor), com conector e fixação horizontal 5/16\"x250mm, ref. TEL-024, inclusive vedação dos furos com poliuretano ref. TEL 5905, marca de ref. Termotécnica ou equivalente",{"$nulls":6},"Unidade: und"]
["Base: LABOR",null,"Código Base: '160309",null,"Fonte: LABOR",null,null,"Versão: 1"]
[]
["MÃO DE OBRA","Unid","Código","Coefic.","C. Prod.","Pr. Prod.","Pr. Improd.","Pr. Unit.","Fator Ac.","Subtotal"]
["AJUDANTE (AJUDANTE PRATICO - SINDUSCON) (LABOR)","H","'010101",0.6,1,5.86,0,15.08,"-",9.048]
["ELETRICISTA (OFICIAL - SINDUSCON) (LABOR)","H","'010115",0.6,1,6.94,0,17.85,"-",10.71]
["SubTotal:",{"$nulls":8},19.76]
[]
["MATERIAL","Unid","Código","Coefic.","C. Prod.","Pr. Prod.","Pr. Improd.","Pr. Unit.","Fator Ac.","Subtotal"]
["POLIURETANO FLEXIVEL BISNAGA 360G TEL 5905 (LABOR)","UN","'024184",0.013,1,35.07,0,35.07,"-",0.456]
["PARAFUSO AUTOATARRACHANTE DIM 4.2X32MM REF TEL5333 (LABOR)","UN","'026877",2,1,0.41,0,0.41,"-",0.82]
["BUCHA DE NYLON N.º6 REF.: TEL-5306 (LABOR)","UN","'026894",2,1,0.1,0,0.1,"-",0.2]
["TERMINAL AEREO H=25CM, DIM 5/16\" - REF. TEL 024 (LABOR)","UN","'048782",1,1,19.89,0,19.89,"-",19.89]
["SubTotal:",{"$nulls":8},21.37]
[]
["RESUMO"]
["DISCRIMINAÇÃO",null,null,"TAXA(%)","VALORES"]
["Mão-de-Obra(A)",null,null,157.27,19.76]
["Materiais(B)",{"$nulls":3},21.37]
["Equipamentos(C)",{"$nulls":3},0]
["Produção da Equipe(D)",{"$nulls":3},1]
["Custo Horário Total(A+C)",{"$nulls":3},19.76]
["Custo Unitário da Execução[(A/D)+(C/D)] = E",{"$nulls":3},19.76]
["Custo Direto Total(B+E)",{"$nulls":3},41.13]
["Bonificações e Despesas Indiretas - BDI",null,null,0,0]
["CUSTO UNITÁRIO (Adotado)",{"$nulls":3},41.13]
[]
[]
["Orçamento: 1028201 - TABELA CUSTOS LABOR/CT-UFES PADRÃO DER JANEIRO/2021(LS=157,27; BDI=0%)"]
["Órgão Cliente: DER-ES",null,null,"Órgão Gerente: DER-ES",null,null,"Data Base: Janeiro/2021"]
[]
["Planilha: 1 - TABELA CUSTOS LABOR/CT-UFES PADRÃO DER JANEIRO/2021(LS=157,27; BDI=0%)"]
[]
["Item: 160310 - Conector de medição em latão com 2 parafusos para cabos de 16 a 50 mm2, ref. TEL-562, Termotécnica ou equivalente",{"$nulls":6},"Unidade: und"]
["Base: LABOR",null,"Código Base: '160310",null,"Fonte: LABOR",null,null,"Versão: 1"]
[]
["MÃO DE OBRA","Unid","Código","Coefic.","C. Prod.","Pr. Prod.","Pr. Improd.","Pr. Unit.","Fator Ac.","Subtotal"]
["AJUDANTE (AJUDANTE PRATICO - SINDUSCON) (LABOR)","H","'010101",0.9,1,5.86,0,15.08,"-",13.572]
["ELETRICISTA (OFICIAL - SINDUSCON) (LABOR)","H","'010115",0.9,1,6.94,0,17.85,"-",16.065]
["SubTotal:",{"$nulls":8},29.64]
[]
["MATERIAL","Unid","Código","Coefic.","C. Prod.","Pr. Prod.","Pr. Improd.","Pr. Unit.","Fator Ac.","Subtotal"]
["CONECTOR DE MEDICAO EM LATAO C/ 2 PARAFUSOS TEL-562 (LABOR)","UN","'054010",1,1,20.93,0,20.93,"-",20.93]
["SubTotal:",{"$nulls":8},20.93]
[]
["RESUMO"]
["DISCRIMINAÇÃO",null,null,"TAXA(%)","VALORES"]
["Mão-de-Obra(A)",null,null,157.27,29.64]
["Materiais(B)",{"$nulls":3},20.93]
["Equipamentos(C)",{"$nulls":3},0]
["Produção da Equipe(D)",{"$nulls":3},1]
["Custo Horário Total(A+C)",{"$nulls":3},29.64]
["Custo Unitário da Execução[(A/D)+(C/D)] = E",{"$nulls":3},29.64]
["Custo Direto Total(B+E)",{"$nulls":3},50.57]
["Bonificações e Despesas Indiretas - BDI",null,null,0,0]
["CUSTO UNITÁRIO (Adotado)",{"$nulls":3},50.57]
[]
[]
["Orçamento: 1028201 - TABELA CUSTOS LABOR/CT-UFES PADRÃO DER JANEIRO/2021(LS=157,27; BDI=0%)"]
["Órgão Cliente: DER-ES",null,null,"Órgão Gerente: DER-ES",null,null,"Data Base: Janeiro/2021"]
[]
["Planilha: 1 - TABELA CUSTOS LABOR/CT-UFES PADRÃO DER JANEIRO/2021(LS=157,27; BDI=0%)"]
[]
["Item: 160311 - Haste de terra tipo COPPERWELD - 5/8\" x 2.40m",{"$nulls":6},"Unidade: und"]
["Base: LABOR",null,"Código Base: '160311",null,"Fonte: LABOR",null,null,"Versão: 1"]
[]
["MÃO DE OBRA","Unid","Código","Coefic.","C. Prod.","Pr. Prod.","Pr. Improd.","Pr. Unit.","Fator Ac.","Subtotal"]
["AJUDANTE (AJUDANTE PRATICO - SINDUSCON) (LABOR)","H","'010101",2.17,1,5.86,0,15.08,"-",32.724]
["ELETRICISTA (OFICIAL - SINDUSCON) (LABOR)","H","'010115",2.17,1,6.94,0,17.85,"-",38.735]
["SubTotal:",{"$nulls":8},71.46]
[]
["MATERIAL","Unid","Código","Coefic.","C. Prod.","Pr. Prod.","Pr. Improd.","Pr. Unit.","Fator Ac.","Subtotal"]
["HASTE TIPO COPPERWELD - 5/8\"X2.4M (LABOR)","UN","'048035",1,1,27.16,0,27.16,"-",27.16]
["SubTotal:",{"$nulls":8},27.16]
[]
["RESUMO"]
["DISCRIMINAÇÃO",null,null,"TAXA(%)","VALORES"]
["Mão-de-Obra(A)",null,null,157.27,71.46]
["Materiais(B)",{"$nulls":3},27.16]
["Equipamentos(C)",{"$nulls":3},0]
["Produção da Equipe(D)",{"$nulls":3},1]
["Custo Horário Total(A+C)",{"$nulls":3},71.46]
["Custo Unitário da Execução[(A/D)+(C/D)] = E",{"$nulls":3},71.46]
["Custo Direto Total(B+E)",{"$nulls":3},98.62]
["Bonificações e Despesas Indiretas - BDI",null,null,0,0]
["CUSTO UNITÁRIO (Adotado)",{"$nulls":3},98.62]
[]
[]
["Orçamento: 1028201 - TABELA CUSTOS LABOR/CT-UFES PADRÃO DER JANEIRO/2021(LS=157,27; BDI=0%)"]
["Órgão Cliente: DER-ES",null,null,"Órgão Gerente: DER-ES",null,null,"Data Base: Janeiro/2021"]
[]
["Planilha: 1 - TABELA CUSTOS LABOR/CT-UFES PADRÃO DER JANEIRO/2021(LS=157,27; BDI=0%)"]
[]
["Item: 160316 - Caixa de inspeção em PVC, diâmetro 300 mm, ref TEL-552, marca de referência Termotécnica ou equivalente, inclusive escavação e reaterro",{"$nulls":6},"Unidade: und"]
["Base: LABOR",null,"Código Base: '160316",null,"Fonte: LABOR",null,null,"Versão: 1"]
[]
["MÃO DE OBRA","Unid","Código","Coefic.","C. Prod.","Pr. Prod.","Pr. Improd.","Pr. Unit.","Fator Ac.","Subtotal"]
["AJUDANTE (AJUDANTE PRATICO - SINDUSCON) (LABOR)","H","'010101",1,1,5.86,0,15.08,"-",15.08]
["ELETRICISTA (OFICIAL - SINDUSCON) (LABOR)","H","'010115",1,1,6.94,0,17.85,"-",17.85]
["SERVENTE (AUXILIAR DE OBRAS - SINDUSCON) (LABOR)","H","'010146",0.637,1,5.1,0,13.12,"-",8.357]
["SubTotal:",{"$nulls":8},41.29]
[]
["MATERIAL","Unid","Código","Coefic.","C. Prod.","Pr. Prod.","Pr. Improd.","Pr. Unit.","Fator Ac.","Subtotal"]
["CAIXA DE INSPECAO DE PVC Ø300X300MM - TEL-552 (LABOR)","UN","'048340",1,1,40.78,0,40.78,"-",40.78]
["SubTotal:",{"$nulls":8},40.78]
[]
["RESUMO"]
["DISCRIMINAÇÃO",null,null,"TAXA(%)","VALORES"]
["Mão-de-Obra(A)",null,null,157.27,41.29]
["Materiais(B)",{"$nulls":3},40.78]
["Equipamentos(C)",{"$nulls":3},0]
["Produção da Equipe(D)",{"$nulls":3},1]
["Custo Horário Total(A+C)",{"$nulls":3},41.29]
["Custo Unitário da Execução[(A/D)+(C/D)] = E",{"$nulls":3},41.29]
["Custo Direto Total(B+E)",{"$nulls":3},82.07]
["Bonificações e Despesas Indiretas - BDI",null,null,0,0]
["CUSTO UNITÁRIO (Adotado)",{"$nulls":3},82.07]
[]
[]
["Orçamento: 1028201 - TABELA CUSTOS LABOR/CT-UFES PADRÃO DER JANEIRO/2021(LS=157,27; BDI=0%)"]
["Órgão Cliente: DER-ES",null,null,"Órgão Gerente: DER-ES",null,null,"Data Base: Janeiro/2021"]
[]
["Planilha: 1 - TABELA CUSTOS LABOR/CT-UFES PADRÃO DER JANEIRO/2021(LS=157,27; BDI=0%)"]
[]
["Item: 160319 - Presilha de latão ref. 744, inclusive parafuso fenda DN 4,2x32mm e bucha nylon DN 6mm e vedação dos furos com poliuretano ref. 5905, marca de ref. Termotécnica ou equivalente",{"$nulls":6},"Unidade: und"]
["Base: LABOR",null,"Código Base: '160319",null,"Fonte: LABOR",null,null,"Versão: 2"]
[]
["MÃO DE OBRA","Unid","Código","Coefic.","C. Prod.","Pr. Prod.","Pr. Improd.","Pr. Unit.","Fator Ac.","Subtotal"]
["AJUDANTE (AJUDANTE PRATICO - SINDUSCON) (LABOR)","H","'010101",0.2,1,5.86,0,15.08,"-",3.016]
["ELETRICISTA (OFICIAL - SINDUSCON) (LABOR)","H","'010115",0.2,1,6.94,0,17.85,"-",3.57]
["SubTotal:",{"$nulls":8},6.59]
[]
["MATERIAL","Unid","Código","Coefic.","C. Prod.","Pr. Prod.","Pr. Improd.","Pr. Unit.","Fator Ac.","Subtotal"]
["POLIURETANO FLEXIVEL BISNAGA 360G TEL 5905 (LABOR)","UN","'024184",0.013,1,35.07,0,35.07,"-",0.456]
["PARAFUSO AUTOATARRACHANTE DIM 4.2X32MM REF TEL5333 (LABOR)","UN","'026877",1,1,0.41,0,0.41,"-",0.41]
["BUCHA DE NYLON N.º6 REF.: TEL-5306 (LABOR)","UN","'026894",1,1,0.1,0,0.1,"-",0.1]
["PRESILHA PARA CABO DE COBRE DE 35MM2 - REF TEL 744 (LABOR)","UN","'048070",1,1,1.45,0,1.45,"-",1.45]
["SubTotal:",{"$nulls":8},2.42]
[]
["RESUMO"]
["DISCRIMINAÇÃO",null,null,"TAXA(%)","VALORES"]
["Mão-de-Obra(A)",null,null,157.27,6.59]
["Materiais(B)",{"$nulls":3},2.42]
["Equipamentos(C)",{"$nulls":3},0]
["Produção da Equipe(D)",{"$nulls":3},1]
["Custo Horário Total(A+C)",{"$nulls":3},6.59]
["Custo Unitário da Execução[(A/D)+(C/D)] = E",{"$nulls":3},6.59]
["Custo Direto Total(B+E)",{"$nulls":3},9.01]
["Bonificações e Despesas Indiretas - BDI",null,null,0,0]
["CUSTO UNITÁRIO (Adotado)",{"$nulls":3},9.01]
[]
[]
["Orçamento: 1028201 - TABELA CUSTOS LABOR/CT-UFES PADRÃO DER JANEIRO/2021(LS=157,27; BDI=0%)"]
["Órgão Cliente: DER-ES",null,null,"Órgão Gerente: DER-ES",null,null,"Data Base: Janeiro/2021"]
[]
["Planilha: 1 - TABELA CUSTOS LABOR/CT-UFES PADRÃO DER JANEIRO/2021(LS=157,27; BDI=0%)"]
[]
["Item: 160321 - Tampa reforçada em ferro fundido com escotilha TEL 536, inclusive assentamento, marca de referência Termotécnica ou equivalente",{"$nulls":6},"Unidade: und"]
["Base: LABOR",null,"Código Base: '160321",null,"Fonte: LABOR",null,null,"Versão: 1"]
[]
["MÃO DE OBRA","Unid","Código","Coefic.","C. Prod.","Pr. Prod.","Pr. Improd.","Pr. Unit.","Fator Ac.","Subtotal"]
["PEDREIRO - (OFICIAL - SINDUSCON) (LABOR)","H","'010139",1.05,1,6.94,0,17.85,"-",18.743]
["SERVENTE (AUXILIAR DE OBRAS - SINDUSCON) (LABOR)","H","'010146",1.075,1,5.1,0,13.12,"-",14.104]
["SubTotal:",{"$nulls":8},32.85]
[]
["MATERIAL","Unid","Código","Coefic.","C. Prod.","Pr. Prod.","Pr. Improd.","Pr. Unit.","Fator Ac.","Subtotal"]
["AREIA LAVADA MEDIA (LABOR)","M3","'020503",0.00304,1,71.67,0,71.67,"-",0.218]
["CIMENTO PORTLAND CP III - 40 (LABOR)","KG","'020508",1.215,1,0.43,0,0.43,"-",0.522]
["TAMPA REFORCADA EM FºFº C/ ESCOTILHA - TEL-536 (LABOR)","UN","'048341",1,1,75.71,0,75.71,"-",75.71]
["SubTotal:",{"$nulls":8},76.45]
[]
["RESUMO"]
["DISCRIMINAÇÃO",null,null,"TAXA(%)","VALORES"]
["Mão-de-Obra(A)",null,null,157.27,32.85]
["Materiais(B)",{"$nulls":3},76.45]
["Equipamentos(C)",{"$nulls":3},0]
["Produção da Equipe(D)",{"$nulls":3},1]
["Custo Horário Total(A+C)",{"$nulls":3},32.85]
["Custo Unitário da Execução[(A/D)+(C/D)] = E",{"$nulls":3},32.85]
["Custo Direto Total(B+E)",{"$nulls":3},109.3]
["Bonificações e Despesas Indiretas - BDI",null,null,0,0]
["CUSTO UNITÁRIO (Adotado)",{"$nulls":3},109.3]
[]
[]
["Orçamento: 1028201 - TABELA CUSTOS LABOR/CT-UFES PADRÃO DER JANEIRO/2021(LS=157,27; BDI=0%)"]
["Órgão Cliente: DER-ES",null,null,"Órgão Gerente: DER-ES",null,null,"Data Base: Janeiro/2021"]
[]
["Planilha: 1 - TABELA CUSTOS LABOR/CT-UFES PADRÃO DER JANEIRO/2021(LS=157,27; BDI=0%)"]
[]
["Item: 160333 - Cabo de cobre nú 50 mm2, ref. TEL-5750, marca de referência Termotécnica ou equivalente, inclusive abertura e fechamento de vala para cabo dimensões 50x20cm",{"$nulls":6},"Unidade: m"]
["Base: LABOR",null,"Código Base: '160333",null,"Fonte: LABOR",null,null,"Versão: 2"]
[]
["MÃO DE OBRA","Unid","Código","Coefic.","C. Prod.","Pr. Prod.","Pr. Improd.","Pr. Unit.","Fator Ac.","Subtotal"]
["AJUDANTE (AJUDANTE PRATICO - SINDUSCON) (LABOR)","H","'010101",0.31,1,5.86,0,15.08,"-",4.675]
["ELETRICISTA (OFICIAL - SINDUSCON) (LABOR)","H","'010115",0.31,1,6.94,0,17.85,"-",5.534]
["SERVENTE (AUXILIAR DE OBRAS - SINDUSCON) (LABOR)","H","'010146",0.766,1,5.1,0,13.12,"-",10.05]
["SubTotal:",{"$nulls":8},20.26]
[]
["MATERIAL","Unid","Código","Coefic.","C. Prod.","Pr. Prod.","Pr. Improd.","Pr. Unit.","Fator Ac.","Subtotal"]
["CABO COBRE NU TEMPERA MEIO DURA 50MM2 (LABOR)","M","'043044",1.02,1,46.1,0,46.1,"-",47.022]
["SubTotal:",{"$nulls":8},47.02]
[]
["RESUMO"]
["DISCRIMINAÇÃO",null,null,"TAXA(%)","VALORES"]
["Mão-de-Obra(A)",null,null,157.27,20.26]
["Materiais(B)",{"$nulls":3},47.02]
["Equipamentos(C)",{"$nulls":3},0]
["Produção da Equipe(D)",{"$nulls":3},1]
["Custo Horário Total(A+C)",{"$nulls":3},20.26]
["Custo Unitário da Execução[(A/D)+(C/D)] = E",{"$nulls":3},20.26]
["Custo Direto Total(B+E)",{"$nulls":3},67.28]
["Bonificações e Despesas Indiretas - BDI",null,null,0,0]
["CUSTO UNITÁRIO (Adotado)",{"$nulls":3},67.28]
[]
[]
["Orçamento: 1028201 - TABELA CUSTOS LABOR/CT-UFES PADRÃO DER JANEIRO/2021(LS=157,27; BDI=0%)"]
["Órgão Cliente: DER-ES",null,null,"Órgão Gerente: DER-ES",null,null,"Data Base: Janeiro/2021"]
[]
["Planilha: 1 - TABELA CUSTOS LABOR/CT-UFES PADRÃO DER JANEIRO/2021(LS=157,27; BDI=0%)"]
[]
["Item: 170321 - Registro de gaveta bruto diam. 25mm (1\")",{"$nulls":6},"Unidade: und"]
["Base: LABOR",null,"Código Base: '170321",null,"Fonte: LABOR",null,null,"Versão: 1"]
[]
["MÃO DE OBRA","Unid","Código","Coefic.","C. Prod.","Pr. Prod.","Pr. Improd.","Pr. Unit.","Fator Ac.","Subtotal"]
["AJUDANTE (AJUDANTE PRATICO - SINDUSCON) (LABOR)","H","'010101",0.54,1,5.86,0,15.08,"-",8.143]
["ENCANADOR - (OFICIAL - SINDUSCON) (LABOR)","H","'010118",0.54,1,6.94,0,17.85,"-",9.639]
["SubTotal:",{"$nulls":8},17.78]
[]
["MATERIAL","Unid","Código","Coefic.","C. Prod.","Pr. Prod.","Pr. Improd.","Pr. Unit.","Fator Ac.","Subtotal"]
["REGISTRO DE GAVETA BRUTO 25MM - 1\" (LABOR)","UN","'063503",1,1,40.96,0,40.96,"-",40.96]
["FITA DE VEDACAO 18MM X 50M (LABOR)","M","'069512",1.2,1,0.18,0,0.18,"-",0.216]
["SubTotal:",{"$nulls":8},41.18]
[]
["RESUMO"]
["DISCRIMINAÇÃO",null,null,"TAXA(%)","VALORES"]
["Mão-de-Obra(A)",null,null,157.27,17.78]
["Materiais(B)",{"$nulls":3},41.18]
["Equipamentos(C)",{"$nulls":3},0]
["Produção da Equipe(D)",{"$nulls":3},1]
["Custo Horário Total(A+C)",{"$nulls":3},17.78]
["Custo Unitário da Execução[(A/D)+(C/D)] = E",{"$nulls":3},17.78]
["Custo Direto Total(B+E)",{"$nulls":3},58.96]
["Bonificações e Despesas Indiretas - BDI",null,null,0,0]
["CUSTO UNITÁRIO (Adotado)",{"$nulls":3},58.96]
[]
[]
["Orçamento: 1028201 - TABELA CUSTOS LABOR/CT-UFES PADRÃO DER JANEIRO/2021(LS=157,27; BDI=0%)"]
["Órgão Cliente: DER-ES",null,null,"Órgão Gerente: DER-ES",null,null,"Data Base: Janeiro/2021"]
[]
["Planilha: 1 - TABELA CUSTOS LABOR/CT-UFES PADRÃO DER JANEIRO/2021(LS=157,27; BDI=0%)"]
[]
["Item: 170324 - Registro de gaveta bruto diam. 50mm (2\")",{"$nulls":6},"Unidade: und"]
["Base: LABOR",null,"Código Base: '170324",null,"Fonte: LABOR",null,null,"Versão: 1"]
[]
["MÃO DE OBRA","Unid","Código","Coefic.","C. Prod.","Pr. Prod.","Pr. Improd.","Pr. Unit.","Fator Ac.","Subtotal"]
["AJUDANTE (AJUDANTE PRATICO - SINDUSCON) (LABOR)","H","'010101",0.85,1,5.86,0,15.08,"-",12.818]
["ENCANADOR - (OFICIAL - SINDUSCON) (LABOR)","H","'010118",0.85,1,6.94,0,17.85,"-",15.173]
["SubTotal:",{"$nulls":8},27.99]
[]
["MATERIAL","Unid","Código","Coefic.","C. Prod.","Pr. Prod.","Pr. Improd.","Pr. Unit.","Fator Ac.","Subtotal"]
["REGISTRO DE GAVETA BRUTO 50MM - 2\" (LABOR)","UN","'063506",1,1,124.16,0,124.16,"-",124.16]
["FITA DE VEDACAO 18MM X 50M (LABOR)","M","'069512",2.26,1,0.18,0,0.18,"-",0.407]
["SubTotal:",{"$nulls":8},124.57]
[]
["RESUMO"]
["DISCRIMINAÇÃO",null,null,"TAXA(%)","VALORES"]
["Mão-de-Obra(A)",null,null,157.27,27.99]
["Materiais(B)",{"$nulls":3},124.57]
["Equipamentos(C)",{"$nulls":3},0]
["Produção da Equipe(D)",{"$nulls":3},1]
["Custo Horário Total(A+C)",{"$nulls":3},27.99]
["Custo Unitário da Execução[(A/D)+(C/D)] = E",{"$nulls":3},27.99]
["Custo Direto Total(B+E)",{"$nulls":3},152.56]
["Bonificações e Despesas Indiretas - BDI",null,null,0,0]
["CUSTO UNITÁRIO (Adotado)",{"$nulls":3},152.56]
[]
[]
["Orçamento: 1028201 - TABELA CUSTOS LABOR/CT-UFES PADRÃO DER JANEIRO/2021(LS=157,27; BDI=0%)"]
["Órgão Cliente: DER-ES",null,null,"Órgão Gerente: DER-ES",null,null,"Data Base: Janeiro/2021"]
[]
["Planilha: 1 - TABELA CUSTOS LABOR/CT-UFES PADRÃO DER JANEIRO/2021(LS=157,27; BDI=0%)"]
[]
["Item: 170325 - Registro de gaveta bruto diam. 65mm (21/2\")",{"$nulls":6},"Unidade: und"]
["Base: LABOR",null,"Código Base: '170325",null,"Fonte: LABOR",null,null,"Versão: 1"]
[]
["MÃO DE OBRA","Unid","Código","Coefic.","C. Prod.","Pr. Prod.","Pr. Improd.","Pr. Unit.","Fator Ac.","Subtotal"]
["AJUDANTE (AJUDANTE PRATICO - SINDUSCON) (LABOR)","H","'010101",1.15,1,5.86,0,15.08,"-",17.342]
["ENCANADOR - (OFICIAL - SINDUSCON) (LABOR)","H","'010118",1.15,1,6.94,0,17.85,"-",20.528]
["SubTotal:",{"$nulls":8},37.87]
[]
["MATERIAL","Unid","Código","Coefic.","C. Prod.","Pr. Prod.","Pr. Improd.","Pr. Unit.","Fator Ac.","Subtotal"]
["REGISTRO DE GAVETA BRUTO 65MM - 2.1/2\" (LABOR)","UN","'063507",1,1,273.7,0,273.7,"-",273.7]
["FITA DE VEDACAO 18MM X 50M (LABOR)","M","'069512",2.82,1,0.18,0,0.18,"-",0.508]
["SubTotal:",{"$nulls":8},274.21]
[]
["RESUMO"]
["DISCRIMINAÇÃO",null,null,"TAXA(%)","VALORES"]
["Mão-de-Obra(A)",null,null,157.27,37.87]
["Materiais(B)",{"$nulls":3},274.21]
["Equipamentos(C)",{"$nulls":3},0]
["Produção da Equipe(D)",{"$nulls":3},1]
["Custo Horário Total(A+C)",{"$nulls":3},37.87]
["Custo Unitário da Execução[(A/D)+(C/D)] = E",{"$nulls":3},37.87]
["Custo Direto Total(B+E)",{"$nulls":3},312.08]
["Bonificações e Despesas Indiretas - BDI",null,null,0,0]
["CUSTO UNITÁRIO (Adotado)",{"$nulls":3},312.08]
[]
[]
[]
["Orçamento: 1028201 - TABELA CUSTOS LABOR/CT-UFES PADRÃO DER JANEIRO/2021(LS=157,27; BDI=0%)"]
["Órgão Cliente: DER-ES",null,null,"Órgão Gerente: DER-ES",null,null,"Data Base: Janeiro/2021"]
[]
["Planilha: 1 - TABELA CUSTOS LABOR/CT-UFES PADRÃO DER JANEIRO/2021(LS=157,27; BDI=0%)"]
[]
["Item: 170549 - Reservatório de polietileno de 3000 litros, inclusive peça de apoio de 6x16 cm, exclusive flanges e torneira de bóia",{"$nulls":6},"Unidade: und"]
["Base: LABOR",null,"Código Base: '170549",null,"Fonte: LABOR",null,null,"Versão: 3"]
[]
["MÃO DE OBRA","Unid","Código","Coefic.","C. Prod.","Pr. Prod.","Pr. Improd.","Pr. Unit.","Fator Ac.","Subtotal"]
["AJUDANTE (AJUDANTE PRATICO - SINDUSCON) (LABOR)","H","'010101",1.68,1,5.86,0,15.08,"-",25.334]
["ENCANADOR - (OFICIAL - SINDUSCON) (LABOR)","H","'010118",1.68,1,6.94,0,17.85,"-",29.988]
["SubTotal:",{"$nulls":8},55.32]
[]
["MATERIAL","Unid","Código","Coefic.","C. Prod.","Pr. Prod.","Pr. Improd.","Pr. Unit.","Fator Ac.","Subtotal"]
["PECA EM MADEIRA E LEI 6X16CM (BRUTA) (LABOR)","M","'021111",6,1,60.28,0,60.28,"-",361.68]
["RESERVATORIO DE POLIETILENO 3.000 L C/ TAMPA (LABOR)","UN","'065032",1,1,{"v":1745.67,"d":"1,745.67"},0,{"v":1745.67,"d":"1,745.67"},"-",{"v":1745.67,"d":"1,745.67"}]
["SubTotal:",{"$nulls":8},{"v":2107.35,"d":"2,107.35"}]
[]
["RESUMO"]
["DISCRIMINAÇÃO",null,null,"TAXA(%)","VALORES"]
["Mão-de-Obra(A)",null,null,157.27,55.32]
["Materiais(B)",{"$nulls":3},{"v":2107.35,"d":"2,107.35"}]
["Equipamentos(C)",{"$nulls":3},0]
["Produção da Equipe(D)",{"$nulls":3},1]
["Custo Horário Total(A+C)",{"$nulls":3},55.32]
["Custo Unitário da Execução[(A/D)+(C/D)] = E",{"$nulls":3},55.32]
["Custo Direto Total(B+E)",{"$nulls":3},{"v":2162.67,"d":"2,162.67"}]
["Bonificações e Despesas Indiretas - BDI",null,null,0,0]
["CUSTO UNITÁRIO (Adotado)",{"$nulls":3},{"v":2162.67,"d":"2,162.67"}]
[]
[]
["Orçamento: 1028201 - TABELA CUSTOS LABOR/CT-UFES PADRÃO DER JANEIRO/2021(LS=157,27; BDI=0%)"]
["Órgão Cliente: DER-ES",null,null,"Órgão Gerente: DER-ES",null,null,"Data Base: Janeiro/2021"]
[]
["Planilha: 1 - TABELA CUSTOS LABOR/CT-UFES PADRÃO DER JANEIRO/2021(LS=157,27; BDI=0%)"]
[]
["Item: 190106 - Pintura com tinta acrílica, marcas de referência Suvinil, Coral ou Metalatex, inclusive selador acrílico, em paredes e forros, a três demãos",{"$nulls":6},"Unidade: m2"]
["Base: LABOR",null,"Código Base: '190106",null,"Fonte: LABOR",null,null,"Versão: 1"]
[]
["MÃO DE OBRA","Unid","Código","Coefic.","C. Prod.","Pr. Prod.","Pr. Improd.","Pr. Unit.","Fator Ac.","Subtotal"]
["AJUDANTE (AJUDANTE PRATICO - SINDUSCON) (LABOR)","H","'010101",0.4,1,5.86,0,15.08,"-",6.032]
["PINTOR -(OFICIAL - SINDUSCON) (LABOR)","H","'010140",0.5,1,6.94,0,17.85,"-",8.925]
["SubTotal:",{"$nulls":8},14.96]
[]
["MATERIAL","Unid","Código","Coefic.","C. Prod.","Pr. Prod.","Pr. Improd.","Pr. Unit.","Fator Ac.","Subtotal"]
["TINTA LATEX ACRILICA FOSCA (LABOR)","L","'037514",0.24,1,16.28,0,16.28,"-",3.907]
["SELADOR ACRILICO (LABOR)","L","'037519",0.12,1,4.43,0,4.43,"-",0.532]
["LIXA PARA MADEIRA/MASSA Nº 150 (LABOR)","UN","'038013",0.25,1,0.6,0,0.6,"-",0.15]
["SubTotal:",{"$nulls":8},4.59]
[]
["RESUMO"]
["DISCRIMINAÇÃO",null,null,"TAXA(%)","VALORES"]
["Mão-de-Obra(A)",null,null,157.27,14.96]
["Materiais(B)",{"$nulls":3},4.59]
["Equipamentos(C)",{"$nulls":3},0]
["Produção da Equipe(D)",{"$nulls":3},1]
["Custo Horário Total(A+C)",{"$nulls":3},14.96]
["Custo Unitário da Execução[(A/D)+(C/D)] = E",{"$nulls":3},14.96]
["Custo Direto Total(B+E)",{"$nulls":3},19.55]
["Bonificações e Despesas Indiretas - BDI",null,null,0,0]
["CUSTO UNITÁRIO (Adotado)",{"$nulls":3},19.55]
[]
[]
["Orçamento: 1028201 - TABELA CUSTOS LABOR/CT-UFES PADRÃO DER JANEIRO/2021(LS=157,27; BDI=0%)"]
["Órgão Cliente: DER-ES",null,null,"Órgão Gerente: DER-ES",null,null,"Data Base: Janeiro/2021"]
[]
["Planilha: 1 - TABELA CUSTOS LABOR/CT-UFES PADRÃO DER JANEIRO/2021(LS=157,27; BDI=0%)"]
[]
["Item: 190417 - Pintura com tinta esmalte sintético, marcas de referência Suvinil, Coral ou Metalatex, a duas demãos, inclusive fundo anticorrosivo a uma demão, em metal",{"$nulls":6},"Unidade: m2"]
["Base: LABOR",null,"Código Base: '190417",null,"Fonte: LABOR",null,null,"Versão: 1"]
[]
["MÃO DE OBRA","Unid","Código","Coefic.","C. Prod.","Pr. Prod.","Pr. Improd.","Pr. Unit.","Fator Ac.","Subtotal"]
["AJUDANTE (AJUDANTE PRATICO - SINDUSCON) (LABOR)","H","'010101",0.2,1,5.86,0,15.08,"-",3.016]
["PINTOR -(OFICIAL - SINDUSCON) (LABOR)","H","'010140",0.4,1,6.94,0,17.85,"-",7.14]
["SubTotal:",{"$nulls":8},10.16]
[]
["MATERIAL","Unid","Código","Coefic.","C. Prod.","Pr. Prod.","Pr. Improd.","Pr. Unit.","Fator Ac.","Subtotal"]
["ESMALTE SINTETICO (LABOR)","L","'037502",0.18,1,26.72,0,26.72,"-",4.81]
["AGUARRAZ MINERAL (LABOR)","L","'038001",0.02,1,10.21,0,10.21,"-",0.204]
["LIXA P/ FERRO Nº 100 K-246 225X275MM - NORTON OU EQUIVALENTE (LABOR)","UN","'038012",0.25,1,2.31,0,2.31,"-",0.578]
["ZARCAO (LABOR)","L","'038028",0.11,1,14.71,0,14.71,"-",1.618]
["SubTotal:",{"$nulls":8},7.21]
[]
["RESUMO"]
["DISCRIMINAÇÃO",null,null,"TAXA(%)","VALORES"]
["Mão-de-Obra(A)",null,null,157.27,10.16]
["Materiais(B)",{"$nulls":3},7.21]
["Equipamentos(C)",{"$nulls":3},0]
["Produção da Equipe(D)",{"$nulls":3},1]
["Custo Horário Total(A+C)",{"$nulls":3},10.16]
["Custo Unitário da Execução[(A/D)+(C/D)] = E",{"$nulls":3},10.16]
["Custo Direto Total(B+E)",{"$nulls":3},17.37]
["Bonificações e Despesas Indiretas - BDI",null,null,0,0]
["CUSTO UNITÁRIO (Adotado)",{"$nulls":3},17.37]
[]
[]
["Orçamento: 1028201 - TABELA CUSTOS LABOR/CT-UFES PADRÃO DER JANEIRO/2021(LS=157,27; BDI=0%)"]
["Órgão Cliente: DER-ES",null,null,"Órgão Gerente: DER-ES",null,null,"Data Base: Janeiro/2021"]
[]
["Planilha: 1 - TABELA CUSTOS LABOR/CT-UFES PADRÃO DER JANEIRO/2021(LS=157,27; BDI=0%)"]
[]
["Item: 200402 - Limpeza geral de obras (quadras, praças e jardins)",{"$nulls":6},"Unidade: m2"]
["Base: LABOR",null,"Código Base: '200402",null,"Fonte: LABOR",null,null,"Versão: 1"]
[]
["MÃO DE OBRA","Unid","Código","Coefic.","C. Prod.","Pr. Prod.","Pr. Improd.","Pr. Unit.","Fator Ac.","Subtotal"]
["SERVENTE (AUXILIAR DE OBRAS - SINDUSCON) (LABOR)","H","'010146",0.07,1,5.1,0,13.12,"-",0.918]
["SubTotal:",{"$nulls":8},0.92]
[]
["RESUMO"]
["DISCRIMINAÇÃO",null,null,"TAXA(%)","VALORES"]
["Mão-de-Obra(A)",null,null,157.27,0.92]
["Materiais(B)",{"$nulls":3},0]
["Equipamentos(C)",{"$nulls":3},0]
["Produção da Equipe(D)",{"$nulls":3},1]
["Custo Horário Total(A+C)",{"$nulls":3},0.92]
["Custo Unitário da Execução[(A/D)+(C/D)] = E",{"$nulls":3},0.92]
["Custo Direto Total(B+E)",{"$nulls":3},0.92]
["Bonificações e Despesas Indiretas - BDI",null,null,0,0]
["CUSTO UNITÁRIO (Adotado)",{"$nulls":3},0.92]
[]
[]
["Orçamento: 1028201 - TABELA CUSTOS LABOR/CT-UFES PADRÃO DER JANEIRO/2021(LS=157,27; BDI=0%)"]
["Órgão Cliente: DER-ES",null,null,"Órgão Gerente: DER-ES",null,null,"Data Base: Janeiro/2021"]
[]
["Planilha: 1 - TABELA CUSTOS LABOR/CT-UFES PADRÃO DER JANEIRO/2021(LS=157,27; BDI=0%)"]
[]
["Item: 200513 - Escada tipo marinheiro de tubo de ferro 1\" e 3/4\", com h=4.20m, para acesso a caixa d'água, inclusive pintura em esmalte sintético, conforme detalhe em projeto",{"$nulls":6},"Unidade: und"]
["Base: LABOR",null,"Código Base: '200513",null,"Fonte: LABOR",null,null,"Versão: 2"]
[]
["MÃO DE OBRA","Unid","Código","Coefic.","C. Prod.","Pr. Prod.","Pr. Improd.","Pr. Unit.","Fator Ac.","Subtotal"]
["AJUDANTE (AJUDANTE PRATICO - SINDUSCON) (LABOR)","H","'010101",1.688,1,5.86,0,15.08,"-",25.455]
["PEDREIRO - (OFICIAL - SINDUSCON) (LABOR)","H","'010139",0.8,1,6.94,0,17.85,"-",14.28]
["PINTOR -(OFICIAL - SINDUSCON) (LABOR)","H","'010140",1.688,1,6.94,0,17.85,"-",30.131]
["SERVENTE (AUXILIAR DE OBRAS - SINDUSCON) (LABOR)","H","'010146",0.663,1,5.1,0,13.12,"-",8.699]
["SubTotal:",{"$nulls":8},78.56]
[]
["MATERIAL","Unid","Código","Coefic.","C. Prod.","Pr. Prod.","Pr. Improd.","Pr. Unit.","Fator Ac.","Subtotal"]
["AREIA LAVADA MEDIA (LABOR)","M3","'020503",0.0301,1,71.67,0,71.67,"-",2.157]
["CIMENTO PORTLAND CP III - 40 (LABOR)","KG","'020508",10,1,0.43,0,0.43,"-",4.3]
["ESMALTE SINTETICO (LABOR)","L","'037502",0.3376,1,26.72,0,26.72,"-",9.021]
["AGUARRAZ MINERAL (LABOR)","L","'038001",0.0633,1,10.21,0,10.21,"-",0.646]
["LIXA P/ FERRO Nº 100 K-246 225X275MM - NORTON OU EQUIVALENTE (LABOR)","UN","'038012",0.633,1,2.31,0,2.31,"-",1.462]
["ZARCAO (LABOR)","L","'038028",0.2532,1,14.71,0,14.71,"-",3.725]
["TUBO ACO GALV. 33,70 X 3,35MM (1\") DIN 2440 - MEDIO (LABOR)","M","'070350",10.9,1,33.84,0,33.84,"0,512 IF",557.71]
["TUBO ACO GALV 26,90 X 2,65MM (3/4\") DIN 2440 - MEDIO (LABOR)","M","'071268",20.6,1,22.03,0,22.03,"0,512 IF",686.173]
["SubTotal:",{"$nulls":8},{"v":1265.19,"d":"1,265.19"}]
[]
["RESUMO"]
["DISCRIMINAÇÃO",null,null,"TAXA(%)","VALORES"]
["Mão-de-Obra(A)",null,null,157.27,78.57]
["Materiais(B)",{"$nulls":3},{"v":1265.19,"d":"1,265.19"}]
["Equipamentos(C)",{"$nulls":3},0]
["Produção da Equipe(D)",{"$nulls":3},1]
["Custo Horário Total(A+C)",{"$nulls":3},78.57]
["Custo Unitário da Execução[(A/D)+(C/D)] = E",{"$nulls":3},78.57]
["Custo Direto Total(B+E)",{"$nulls":3},{"v":1343.76,"d":"1,343.76"}]
["Bonificações e Despesas Indiretas - BDI",null,null,0,0]
["CUSTO UNITÁRIO (Adotado)",{"$nulls":3},{"v":1343.76,"d":"1,343.76"}]
[]
[]
["Legenda"]
["IF - INDICE DE FABRICAÇÃO; "]
[]
[]
["Orçamento: 1028201 - TABELA CUSTOS LABOR/CT-UFES PADRÃO DER JANEIRO/2021(LS=157,27; BDI=0%)"]
["Órgão Cliente: DER-ES",null,null,"Órgão Gerente: DER-ES",null,null,"Data Base: Janeiro/2021"]
[]
["Planilha: 1 - TABELA CUSTOS LABOR/CT-UFES PADRÃO DER JANEIRO/2021(LS=157,27; BDI=0%)"]
[]
["Item: 200576 - Placa para inauguração de obra em alumínio polido e=4mm, dimensões 40 x 50 cm, gravação em baixo relevo, inclusive pintura e fixação",{"$nulls":6},"Unidade: und"]
["Base: LABOR",null,"Código Base: '200576",null,"Fonte: LABOR",null,null,"Versão: 1"]
[]
["MÃO DE OBRA","Unid","Código","Coefic.","C. Prod.","Pr. Prod.","Pr. Improd.","Pr. Unit.","Fator Ac.","Subtotal"]
["PEDREIRO - (OFICIAL - SINDUSCON) (LABOR)","H","'010139",0.5,1,6.94,0,17.85,"-",8.925]
["SERVENTE (AUXILIAR DE OBRAS - SINDUSCON) (LABOR)","H","'010146",0.5,1,5.1,0,13.12,"-",6.56]
["SubTotal:",{"$nulls":8},15.48]
[]
["MATERIAL","Unid","Código","Coefic.","C. Prod.","Pr. Prod.","Pr. Improd.","Pr. Unit.","Fator Ac.","Subtotal"]
["BUCHA PLASTICA COM PARAFUSO - 8MM (LABOR)","UN","'026548",4,1,0.27,0,0.27,"-",1.08]
["PLACA P/ INAUGURACAO OBRA EM ALUM POLIDO 40X50CM (LABOR)","UN","'078203",1,1,570,0,570,"-",570]
["SubTotal:",{"$nulls":8},571.08]
[]
["RESUMO"]
["DISCRIMINAÇÃO",null,null,"TAXA(%)","VALORES"]
["Mão-de-Obra(A)",null,null,157.27,15.49]
["Materiais(B)",{"$nulls":3},571.08]
["Equipamentos(C)",{"$nulls":3},0]
["Produção da Equipe(D)",{"$nulls":3},1]
["Custo Horário Total(A+C)",{"$nulls":3},15.49]
["Custo Unitário da Execução[(A/D)+(C/D)] = E",{"$nulls":3},15.49]
["Custo Direto Total(B+E)",{"$nulls":3},586.57]
["Bonificações e Despesas Indiretas - BDI",null,null,0,0]
["CUSTO UNITÁRIO (Adotado)",{"$nulls":3},586.57]